<?xml version="1.0" encoding="UTF-8"?>
<record
    xmlns:xsi="http://www.w3.org/2001/XMLSchema-instance"
    xsi:schemaLocation="http://www.loc.gov/MARC21/slim http://www.loc.gov/standards/marcxml/schema/MARC21slim.xsd"
    xmlns="http://www.loc.gov/MARC21/slim">

  <leader>00970nas a2200265 454500</leader>
  <controlfield tag="001">274</controlfield>
  <controlfield tag="005">20260407193503.0</controlfield>
  <controlfield tag="008">260407s1975####ag###########|||spa#d</controlfield>
  <controlfield tag="003">AR-UNSa-BCEJYS</controlfield>
  <datafield tag="040" ind1=" " ind2=" ">
    <subfield code="a">AR-UNSa-BCEJYS</subfield>
    <subfield code="b">spa</subfield>
    <subfield code="c">AR-UNSa-BCEJYS</subfield>
  </datafield>
  <datafield tag="080" ind1=" " ind2=" ">
    <subfield code="a">65</subfield>
    <subfield code="x">Gesti&#xF3;n y organizaci&#xF3;n de la industria, el comercio y las comunicaciones</subfield>
  </datafield>
  <datafield tag="245" ind1="1" ind2="0">
    <subfield code="a">Mercado</subfield>
  </datafield>
  <datafield tag="022" ind1=" " ind2=" ">
    <subfield code="a">0325-0687</subfield>
  </datafield>
  <datafield tag="264" ind1=" " ind2="1">
    <subfield code="a">Buenos Aires :</subfield>
    <subfield code="b">Coyuntura</subfield>
    <subfield code="c">1975</subfield>
  </datafield>
  <datafield tag="310" ind1=" " ind2=" ">
    <subfield code="a">Mensual
Cambia de Dir. a partir del N&#xBA; 654 por Alberto Borrini
Cambia de Dir. a partir del N&#xBA; 834 por Gerardo L&#xF3;pez Alonso
Cambia de Dir. a partir del N&#xBA; 881 por Miguel Angel Diez
</subfield>
  </datafield>
  <datafield tag="041" ind1=" " ind2=" ">
    <subfield code="a">spa</subfield>
  </datafield>
  <datafield tag="942" ind1=" " ind2=" ">
    <subfield code="c">SER</subfield>
  </datafield>
  <datafield tag="590" ind1=" " ind2=" ">
    <subfield code="a">niveau_biblio:s niveau_hierar:1</subfield>
  </datafield>
  <datafield tag="100" ind1="1" ind2=" ">
    <subfield code="a">Delgado, Juli&#xE1;n</subfield>
  </datafield>
  <datafield tag="650" ind1=" " ind2=" ">
    <subfield code="a">EMPRESAS</subfield>
  </datafield>
  <datafield tag="650" ind1=" " ind2=" ">
    <subfield code="a">Marketing</subfield>
  </datafield>
  <datafield tag="650" ind1=" " ind2=" ">
    <subfield code="a">Industria</subfield>
  </datafield>
  <datafield tag="650" ind1=" " ind2=" ">
    <subfield code="a">Mercado</subfield>
  </datafield>
  <datafield tag="856" ind1="4" ind2="1">
    <subfield code="u">https://biblioeco.unsa.edu.ar/pmb/images/revistas/Mercado Decelinflarion.jpg</subfield>
    <subfield code="y">Imagen de portada</subfield>
    <subfield code="q">image/jpeg</subfield>
  </datafield>
  <datafield tag="999" ind1=" " ind2=" ">
    <subfield code="c">8362</subfield>
    <subfield code="d">8362</subfield>
  </datafield>
  <datafield tag="952" ind1=" " ind2=" ">
    <subfield code="0">0</subfield>
    <subfield code="1">0</subfield>
    <subfield code="4">0</subfield>
    <subfield code="7">0</subfield>
    <subfield code="a">BCEJYS</subfield>
    <subfield code="b">BCEJYS</subfield>
    <subfield code="c">17</subfield>
    <subfield code="d">2012-05-01</subfield>
    <subfield code="h">N&#xBA; 1130 - may. 2012</subfield>
    <subfield code="l">0</subfield>
    <subfield code="o">H65 MER 1130</subfield>
    <subfield code="p">R03992</subfield>
    <subfield code="r">2026-04-10 16:05:56</subfield>
    <subfield code="w">2026-04-10</subfield>
    <subfield code="y">RN</subfield>
  </datafield>
  <datafield tag="952" ind1=" " ind2=" ">
    <subfield code="0">0</subfield>
    <subfield code="1">0</subfield>
    <subfield code="4">0</subfield>
    <subfield code="7">0</subfield>
    <subfield code="a">BCEJYS</subfield>
    <subfield code="b">BCEJYS</subfield>
    <subfield code="c">17</subfield>
    <subfield code="d">2012-04-01</subfield>
    <subfield code="h">N&#xBA; 1129 - abr. 2012</subfield>
    <subfield code="l">0</subfield>
    <subfield code="o">H65 MER 1129</subfield>
    <subfield code="p">R03970</subfield>
    <subfield code="r">2026-04-10 16:05:56</subfield>
    <subfield code="w">2026-04-10</subfield>
    <subfield code="y">RN</subfield>
  </datafield>
  <datafield tag="952" ind1=" " ind2=" ">
    <subfield code="0">0</subfield>
    <subfield code="1">0</subfield>
    <subfield code="4">0</subfield>
    <subfield code="7">0</subfield>
    <subfield code="a">BCEJYS</subfield>
    <subfield code="b">BCEJYS</subfield>
    <subfield code="c">17</subfield>
    <subfield code="d">2012-03-01</subfield>
    <subfield code="h">N&#xBA; 1128 - mar. 2012</subfield>
    <subfield code="l">0</subfield>
    <subfield code="o">H65 MER 1128</subfield>
    <subfield code="p">R03948</subfield>
    <subfield code="r">2026-04-10 16:05:56</subfield>
    <subfield code="w">2026-04-10</subfield>
    <subfield code="y">RN</subfield>
  </datafield>
  <datafield tag="952" ind1=" " ind2=" ">
    <subfield code="0">0</subfield>
    <subfield code="1">0</subfield>
    <subfield code="4">0</subfield>
    <subfield code="7">0</subfield>
    <subfield code="a">BCEJYS</subfield>
    <subfield code="b">BCEJYS</subfield>
    <subfield code="c">17</subfield>
    <subfield code="d">2012-02-01</subfield>
    <subfield code="h">N&#xBA; 1127 - feb. 2012</subfield>
    <subfield code="l">0</subfield>
    <subfield code="o">H65 MER 1127</subfield>
    <subfield code="p">R03947</subfield>
    <subfield code="r">2026-04-10 16:05:56</subfield>
    <subfield code="w">2026-04-10</subfield>
    <subfield code="y">RN</subfield>
  </datafield>
  <datafield tag="952" ind1=" " ind2=" ">
    <subfield code="0">0</subfield>
    <subfield code="1">0</subfield>
    <subfield code="4">0</subfield>
    <subfield code="7">0</subfield>
    <subfield code="a">BCEJYS</subfield>
    <subfield code="b">BCEJYS</subfield>
    <subfield code="c">17</subfield>
    <subfield code="d">2012-01-01</subfield>
    <subfield code="h">N&#xBA; 1126 - ene. 2012</subfield>
    <subfield code="l">0</subfield>
    <subfield code="o">H65 MER 1126</subfield>
    <subfield code="p">R03507</subfield>
    <subfield code="r">2026-04-10 16:05:56</subfield>
    <subfield code="w">2026-04-10</subfield>
    <subfield code="y">RN</subfield>
  </datafield>
  <datafield tag="952" ind1=" " ind2=" ">
    <subfield code="0">0</subfield>
    <subfield code="1">0</subfield>
    <subfield code="4">0</subfield>
    <subfield code="7">0</subfield>
    <subfield code="a">BCEJYS</subfield>
    <subfield code="b">BCEJYS</subfield>
    <subfield code="c">17</subfield>
    <subfield code="d">2011-11-01</subfield>
    <subfield code="h">N&#xBA; 1124 - nov. 2011</subfield>
    <subfield code="l">0</subfield>
    <subfield code="o">H65 MER 1124</subfield>
    <subfield code="p">R03467</subfield>
    <subfield code="r">2026-04-10 16:05:56</subfield>
    <subfield code="w">2026-04-10</subfield>
    <subfield code="y">RN</subfield>
  </datafield>
  <datafield tag="952" ind1=" " ind2=" ">
    <subfield code="0">0</subfield>
    <subfield code="1">0</subfield>
    <subfield code="4">0</subfield>
    <subfield code="7">0</subfield>
    <subfield code="a">BCEJYS</subfield>
    <subfield code="b">BCEJYS</subfield>
    <subfield code="c">17</subfield>
    <subfield code="d">2011-09-01</subfield>
    <subfield code="h">N&#xBA; 1122 - sep. 2011</subfield>
    <subfield code="l">0</subfield>
    <subfield code="o">H65 MER 1122</subfield>
    <subfield code="p">R03466</subfield>
    <subfield code="r">2026-04-10 16:05:56</subfield>
    <subfield code="w">2026-04-10</subfield>
    <subfield code="y">RN</subfield>
  </datafield>
  <datafield tag="952" ind1=" " ind2=" ">
    <subfield code="0">0</subfield>
    <subfield code="1">0</subfield>
    <subfield code="4">0</subfield>
    <subfield code="7">0</subfield>
    <subfield code="a">BCEJYS</subfield>
    <subfield code="b">BCEJYS</subfield>
    <subfield code="c">17</subfield>
    <subfield code="d">2011-08-01</subfield>
    <subfield code="h">N&#xBA; 1121 - ago. 2011</subfield>
    <subfield code="l">0</subfield>
    <subfield code="o">H65 MER 1121</subfield>
    <subfield code="p">R03270</subfield>
    <subfield code="r">2026-04-10 16:05:56</subfield>
    <subfield code="w">2026-04-10</subfield>
    <subfield code="y">RN</subfield>
  </datafield>
  <datafield tag="952" ind1=" " ind2=" ">
    <subfield code="0">0</subfield>
    <subfield code="1">0</subfield>
    <subfield code="4">0</subfield>
    <subfield code="7">0</subfield>
    <subfield code="a">BCEJYS</subfield>
    <subfield code="b">BCEJYS</subfield>
    <subfield code="c">17</subfield>
    <subfield code="d">2011-07-01</subfield>
    <subfield code="h">N&#xBA; 1120 - jul. 2011</subfield>
    <subfield code="l">0</subfield>
    <subfield code="o">H65 MER 1120</subfield>
    <subfield code="p">R03252</subfield>
    <subfield code="r">2026-04-10 16:05:56</subfield>
    <subfield code="w">2026-04-10</subfield>
    <subfield code="y">RN</subfield>
  </datafield>
  <datafield tag="952" ind1=" " ind2=" ">
    <subfield code="0">0</subfield>
    <subfield code="1">0</subfield>
    <subfield code="4">0</subfield>
    <subfield code="7">0</subfield>
    <subfield code="a">BCEJYS</subfield>
    <subfield code="b">BCEJYS</subfield>
    <subfield code="c">17</subfield>
    <subfield code="d">2011-06-01</subfield>
    <subfield code="h">N&#xBA; 1119 - jun. 2011</subfield>
    <subfield code="l">0</subfield>
    <subfield code="o">H65 MER 1119</subfield>
    <subfield code="p">R03245</subfield>
    <subfield code="r">2026-04-10 16:05:56</subfield>
    <subfield code="w">2026-04-10</subfield>
    <subfield code="y">RN</subfield>
  </datafield>
  <datafield tag="952" ind1=" " ind2=" ">
    <subfield code="0">0</subfield>
    <subfield code="1">0</subfield>
    <subfield code="4">0</subfield>
    <subfield code="7">0</subfield>
    <subfield code="a">BCEJYS</subfield>
    <subfield code="b">BCEJYS</subfield>
    <subfield code="c">17</subfield>
    <subfield code="d">2011-05-01</subfield>
    <subfield code="h">N&#xBA; 1118 - may. 2011</subfield>
    <subfield code="l">0</subfield>
    <subfield code="o">H65 MER 1118</subfield>
    <subfield code="p">R03136</subfield>
    <subfield code="r">2026-04-10 16:05:56</subfield>
    <subfield code="w">2026-04-10</subfield>
    <subfield code="y">RN</subfield>
  </datafield>
  <datafield tag="952" ind1=" " ind2=" ">
    <subfield code="0">0</subfield>
    <subfield code="1">0</subfield>
    <subfield code="4">0</subfield>
    <subfield code="7">0</subfield>
    <subfield code="a">BCEJYS</subfield>
    <subfield code="b">BCEJYS</subfield>
    <subfield code="c">17</subfield>
    <subfield code="d">2011-04-01</subfield>
    <subfield code="h">N&#xBA; 1117 - abr. 2011</subfield>
    <subfield code="l">0</subfield>
    <subfield code="o">H65 MER 1117</subfield>
    <subfield code="p">R03034</subfield>
    <subfield code="r">2026-04-10 16:05:56</subfield>
    <subfield code="w">2026-04-10</subfield>
    <subfield code="y">RN</subfield>
  </datafield>
  <datafield tag="952" ind1=" " ind2=" ">
    <subfield code="0">0</subfield>
    <subfield code="1">0</subfield>
    <subfield code="4">0</subfield>
    <subfield code="7">0</subfield>
    <subfield code="a">BCEJYS</subfield>
    <subfield code="b">BCEJYS</subfield>
    <subfield code="c">17</subfield>
    <subfield code="d">2011-03-01</subfield>
    <subfield code="h">N&#xBA; 1116 - mar. 2011</subfield>
    <subfield code="l">0</subfield>
    <subfield code="o">H65 MER 1116</subfield>
    <subfield code="p">R03029</subfield>
    <subfield code="r">2026-04-10 16:05:56</subfield>
    <subfield code="w">2026-04-10</subfield>
    <subfield code="y">RN</subfield>
  </datafield>
  <datafield tag="952" ind1=" " ind2=" ">
    <subfield code="0">0</subfield>
    <subfield code="1">0</subfield>
    <subfield code="4">0</subfield>
    <subfield code="7">0</subfield>
    <subfield code="a">BCEJYS</subfield>
    <subfield code="b">BCEJYS</subfield>
    <subfield code="c">17</subfield>
    <subfield code="d">2011-02-01</subfield>
    <subfield code="h">N&#xBA; 1115 - feb. 2011</subfield>
    <subfield code="l">0</subfield>
    <subfield code="o">H65 MER 1115</subfield>
    <subfield code="p">R03014</subfield>
    <subfield code="r">2026-04-10 16:05:56</subfield>
    <subfield code="w">2026-04-10</subfield>
    <subfield code="y">RN</subfield>
  </datafield>
  <datafield tag="952" ind1=" " ind2=" ">
    <subfield code="0">0</subfield>
    <subfield code="1">0</subfield>
    <subfield code="4">0</subfield>
    <subfield code="7">0</subfield>
    <subfield code="a">BCEJYS</subfield>
    <subfield code="b">BCEJYS</subfield>
    <subfield code="c">17</subfield>
    <subfield code="d">2011-01-01</subfield>
    <subfield code="h">N&#xBA; 1114 - ene. 2011</subfield>
    <subfield code="l">0</subfield>
    <subfield code="o">H65 MER 1114</subfield>
    <subfield code="p">R03028</subfield>
    <subfield code="r">2026-04-10 16:05:56</subfield>
    <subfield code="w">2026-04-10</subfield>
    <subfield code="y">RN</subfield>
  </datafield>
  <datafield tag="952" ind1=" " ind2=" ">
    <subfield code="0">0</subfield>
    <subfield code="1">0</subfield>
    <subfield code="4">0</subfield>
    <subfield code="7">0</subfield>
    <subfield code="a">BCEJYS</subfield>
    <subfield code="b">BCEJYS</subfield>
    <subfield code="c">17</subfield>
    <subfield code="d">2010-12-01</subfield>
    <subfield code="h">N&#xBA; 1113 - dic. 2010</subfield>
    <subfield code="l">0</subfield>
    <subfield code="o">H65 MER 1113</subfield>
    <subfield code="p">R02754</subfield>
    <subfield code="r">2026-04-10 16:05:56</subfield>
    <subfield code="w">2026-04-10</subfield>
    <subfield code="y">RN</subfield>
  </datafield>
  <datafield tag="952" ind1=" " ind2=" ">
    <subfield code="0">0</subfield>
    <subfield code="1">0</subfield>
    <subfield code="4">0</subfield>
    <subfield code="7">0</subfield>
    <subfield code="a">BCEJYS</subfield>
    <subfield code="b">BCEJYS</subfield>
    <subfield code="c">17</subfield>
    <subfield code="d">2010-11-02</subfield>
    <subfield code="h">N&#xBA; 1112/1 - nov. 2010</subfield>
    <subfield code="l">0</subfield>
    <subfield code="o">H65 MER 1112/1</subfield>
    <subfield code="p">R02753</subfield>
    <subfield code="r">2026-04-10 16:05:56</subfield>
    <subfield code="w">2026-04-10</subfield>
    <subfield code="y">RN</subfield>
  </datafield>
  <datafield tag="952" ind1=" " ind2=" ">
    <subfield code="0">0</subfield>
    <subfield code="1">0</subfield>
    <subfield code="4">0</subfield>
    <subfield code="7">0</subfield>
    <subfield code="a">BCEJYS</subfield>
    <subfield code="b">BCEJYS</subfield>
    <subfield code="c">17</subfield>
    <subfield code="d">2010-11-01</subfield>
    <subfield code="h">N&#xBA; 1112 - nov. 2010</subfield>
    <subfield code="l">0</subfield>
    <subfield code="o">H65 MER 1112</subfield>
    <subfield code="p">R02752</subfield>
    <subfield code="r">2026-04-10 16:05:56</subfield>
    <subfield code="w">2026-04-10</subfield>
    <subfield code="y">RN</subfield>
  </datafield>
  <datafield tag="952" ind1=" " ind2=" ">
    <subfield code="0">0</subfield>
    <subfield code="1">0</subfield>
    <subfield code="4">0</subfield>
    <subfield code="7">0</subfield>
    <subfield code="a">BCEJYS</subfield>
    <subfield code="b">BCEJYS</subfield>
    <subfield code="c">17</subfield>
    <subfield code="d">2010-10-01</subfield>
    <subfield code="h">N&#xBA; 1111 - Oct. 2010</subfield>
    <subfield code="l">0</subfield>
    <subfield code="o">H65 MER 1111</subfield>
    <subfield code="p">R02473</subfield>
    <subfield code="r">2026-04-10 16:05:56</subfield>
    <subfield code="w">2026-04-10</subfield>
    <subfield code="y">RN</subfield>
  </datafield>
  <datafield tag="952" ind1=" " ind2=" ">
    <subfield code="0">0</subfield>
    <subfield code="1">0</subfield>
    <subfield code="4">0</subfield>
    <subfield code="7">0</subfield>
    <subfield code="a">BCEJYS</subfield>
    <subfield code="b">BCEJYS</subfield>
    <subfield code="c">17</subfield>
    <subfield code="d">2010-09-01</subfield>
    <subfield code="h">N&#xBA; 1110 - sept. 2010</subfield>
    <subfield code="l">0</subfield>
    <subfield code="o">H65 MER 1110</subfield>
    <subfield code="p">R02472</subfield>
    <subfield code="r">2026-04-10 16:05:56</subfield>
    <subfield code="w">2026-04-10</subfield>
    <subfield code="y">RN</subfield>
  </datafield>
  <datafield tag="952" ind1=" " ind2=" ">
    <subfield code="0">0</subfield>
    <subfield code="1">0</subfield>
    <subfield code="4">0</subfield>
    <subfield code="7">0</subfield>
    <subfield code="a">BCEJYS</subfield>
    <subfield code="b">BCEJYS</subfield>
    <subfield code="c">17</subfield>
    <subfield code="d">2010-08-01</subfield>
    <subfield code="h">N&#xBA; 1109 - ago. 2010</subfield>
    <subfield code="l">0</subfield>
    <subfield code="o">H65 MER 1109</subfield>
    <subfield code="p">R02469</subfield>
    <subfield code="r">2026-04-10 16:05:56</subfield>
    <subfield code="w">2026-04-10</subfield>
    <subfield code="y">RN</subfield>
  </datafield>
  <datafield tag="952" ind1=" " ind2=" ">
    <subfield code="0">0</subfield>
    <subfield code="1">0</subfield>
    <subfield code="4">0</subfield>
    <subfield code="7">0</subfield>
    <subfield code="a">BCEJYS</subfield>
    <subfield code="b">BCEJYS</subfield>
    <subfield code="c">17</subfield>
    <subfield code="d">2010-07-01</subfield>
    <subfield code="h">N&#xBA; 1108 - jul. 2010</subfield>
    <subfield code="l">0</subfield>
    <subfield code="o">H65 MER 1108</subfield>
    <subfield code="p">R02459</subfield>
    <subfield code="r">2026-04-10 16:05:57</subfield>
    <subfield code="w">2026-04-10</subfield>
    <subfield code="y">RN</subfield>
  </datafield>
  <datafield tag="952" ind1=" " ind2=" ">
    <subfield code="0">0</subfield>
    <subfield code="1">0</subfield>
    <subfield code="4">0</subfield>
    <subfield code="7">0</subfield>
    <subfield code="a">BCEJYS</subfield>
    <subfield code="b">BCEJYS</subfield>
    <subfield code="c">17</subfield>
    <subfield code="d">2010-06-01</subfield>
    <subfield code="h">N&#xBA; 1107 - jun. 2010</subfield>
    <subfield code="l">0</subfield>
    <subfield code="o">H65 MER 1107</subfield>
    <subfield code="p">R02437</subfield>
    <subfield code="r">2026-04-10 16:05:57</subfield>
    <subfield code="w">2026-04-10</subfield>
    <subfield code="y">RN</subfield>
  </datafield>
  <datafield tag="952" ind1=" " ind2=" ">
    <subfield code="0">0</subfield>
    <subfield code="1">0</subfield>
    <subfield code="4">0</subfield>
    <subfield code="7">0</subfield>
    <subfield code="a">BCEJYS</subfield>
    <subfield code="b">BCEJYS</subfield>
    <subfield code="c">17</subfield>
    <subfield code="d">2010-05-01</subfield>
    <subfield code="h">N&#xBA; 1106 - may. 2010</subfield>
    <subfield code="l">0</subfield>
    <subfield code="o">H65 MER 1106</subfield>
    <subfield code="p">R02432</subfield>
    <subfield code="r">2026-04-10 16:05:57</subfield>
    <subfield code="w">2026-04-10</subfield>
    <subfield code="y">RN</subfield>
  </datafield>
  <datafield tag="952" ind1=" " ind2=" ">
    <subfield code="0">0</subfield>
    <subfield code="1">0</subfield>
    <subfield code="4">0</subfield>
    <subfield code="7">0</subfield>
    <subfield code="a">BCEJYS</subfield>
    <subfield code="b">BCEJYS</subfield>
    <subfield code="c">17</subfield>
    <subfield code="d">2010-04-01</subfield>
    <subfield code="h">N&#xBA; 1105 - abr. 2010</subfield>
    <subfield code="l">0</subfield>
    <subfield code="o">H65 MER 1105</subfield>
    <subfield code="p">R02424</subfield>
    <subfield code="r">2026-04-10 16:05:57</subfield>
    <subfield code="w">2026-04-10</subfield>
    <subfield code="y">RN</subfield>
  </datafield>
  <datafield tag="952" ind1=" " ind2=" ">
    <subfield code="0">0</subfield>
    <subfield code="1">0</subfield>
    <subfield code="4">0</subfield>
    <subfield code="7">0</subfield>
    <subfield code="a">BCEJYS</subfield>
    <subfield code="b">BCEJYS</subfield>
    <subfield code="c">17</subfield>
    <subfield code="d">2010-03-01</subfield>
    <subfield code="h">N&#xBA; 1104 - mar. 2010</subfield>
    <subfield code="l">0</subfield>
    <subfield code="o">H65 MER 1104</subfield>
    <subfield code="p">R02403</subfield>
    <subfield code="r">2026-04-10 16:05:57</subfield>
    <subfield code="w">2026-04-10</subfield>
    <subfield code="y">RN</subfield>
  </datafield>
  <datafield tag="952" ind1=" " ind2=" ">
    <subfield code="0">0</subfield>
    <subfield code="1">0</subfield>
    <subfield code="4">0</subfield>
    <subfield code="7">0</subfield>
    <subfield code="a">BCEJYS</subfield>
    <subfield code="b">BCEJYS</subfield>
    <subfield code="c">17</subfield>
    <subfield code="d">2010-02-01</subfield>
    <subfield code="h">N&#xBA; 1103 - feb. 2010</subfield>
    <subfield code="l">0</subfield>
    <subfield code="o">H65 MER 1103</subfield>
    <subfield code="p">R02402</subfield>
    <subfield code="r">2026-04-10 16:05:57</subfield>
    <subfield code="w">2026-04-10</subfield>
    <subfield code="y">RN</subfield>
  </datafield>
  <datafield tag="952" ind1=" " ind2=" ">
    <subfield code="0">0</subfield>
    <subfield code="1">0</subfield>
    <subfield code="4">0</subfield>
    <subfield code="7">0</subfield>
    <subfield code="a">BCEJYS</subfield>
    <subfield code="b">BCEJYS</subfield>
    <subfield code="c">17</subfield>
    <subfield code="d">2010-01-01</subfield>
    <subfield code="h">N&#xBA; 1102 - ene. 2010</subfield>
    <subfield code="l">0</subfield>
    <subfield code="o">H65 MER 1102</subfield>
    <subfield code="p">R02401</subfield>
    <subfield code="r">2026-04-10 16:05:57</subfield>
    <subfield code="w">2026-04-10</subfield>
    <subfield code="y">RN</subfield>
  </datafield>
  <datafield tag="952" ind1=" " ind2=" ">
    <subfield code="0">0</subfield>
    <subfield code="1">0</subfield>
    <subfield code="4">0</subfield>
    <subfield code="7">0</subfield>
    <subfield code="a">BCEJYS</subfield>
    <subfield code="b">BCEJYS</subfield>
    <subfield code="c">17</subfield>
    <subfield code="d">2009-12-01</subfield>
    <subfield code="h">N&#xBA; 1101 - dic. 2009</subfield>
    <subfield code="l">0</subfield>
    <subfield code="o">H65 MER 1101</subfield>
    <subfield code="p">R02376</subfield>
    <subfield code="r">2026-04-10 16:05:57</subfield>
    <subfield code="w">2026-04-10</subfield>
    <subfield code="y">RN</subfield>
  </datafield>
  <datafield tag="952" ind1=" " ind2=" ">
    <subfield code="0">0</subfield>
    <subfield code="1">0</subfield>
    <subfield code="4">0</subfield>
    <subfield code="7">0</subfield>
    <subfield code="a">BCEJYS</subfield>
    <subfield code="b">BCEJYS</subfield>
    <subfield code="c">17</subfield>
    <subfield code="d">2009-11-02</subfield>
    <subfield code="h">N&#xBA; 1100/1 - nov. 2009</subfield>
    <subfield code="l">0</subfield>
    <subfield code="o">H65 MER 1100/1</subfield>
    <subfield code="p">R02386</subfield>
    <subfield code="r">2026-04-10 16:05:57</subfield>
    <subfield code="w">2026-04-10</subfield>
    <subfield code="y">RN</subfield>
  </datafield>
  <datafield tag="952" ind1=" " ind2=" ">
    <subfield code="0">0</subfield>
    <subfield code="1">0</subfield>
    <subfield code="4">0</subfield>
    <subfield code="7">0</subfield>
    <subfield code="a">BCEJYS</subfield>
    <subfield code="b">BCEJYS</subfield>
    <subfield code="c">17</subfield>
    <subfield code="d">2009-11-01</subfield>
    <subfield code="h">N&#xBA; 1100 - nov. 2009</subfield>
    <subfield code="l">0</subfield>
    <subfield code="o">H65 MER 1100</subfield>
    <subfield code="p">R02387</subfield>
    <subfield code="r">2026-04-10 16:05:57</subfield>
    <subfield code="w">2026-04-10</subfield>
    <subfield code="y">RN</subfield>
  </datafield>
  <datafield tag="952" ind1=" " ind2=" ">
    <subfield code="0">0</subfield>
    <subfield code="1">0</subfield>
    <subfield code="4">0</subfield>
    <subfield code="7">0</subfield>
    <subfield code="a">BCEJYS</subfield>
    <subfield code="b">BCEJYS</subfield>
    <subfield code="c">17</subfield>
    <subfield code="d">2009-10-01</subfield>
    <subfield code="h">N&#xBA; 1099 - oct. 2009</subfield>
    <subfield code="l">0</subfield>
    <subfield code="o">H65 MER 1099</subfield>
    <subfield code="p">R02385</subfield>
    <subfield code="r">2026-04-10 16:05:57</subfield>
    <subfield code="w">2026-04-10</subfield>
    <subfield code="y">RN</subfield>
  </datafield>
  <datafield tag="952" ind1=" " ind2=" ">
    <subfield code="0">0</subfield>
    <subfield code="1">0</subfield>
    <subfield code="4">0</subfield>
    <subfield code="7">0</subfield>
    <subfield code="a">BCEJYS</subfield>
    <subfield code="b">BCEJYS</subfield>
    <subfield code="c">17</subfield>
    <subfield code="d">2009-09-01</subfield>
    <subfield code="h">N&#xBA; 1098 - sep. 2009</subfield>
    <subfield code="l">0</subfield>
    <subfield code="o">H65 MER 1098</subfield>
    <subfield code="p">R02353</subfield>
    <subfield code="r">2026-04-10 16:05:57</subfield>
    <subfield code="w">2026-04-10</subfield>
    <subfield code="y">RN</subfield>
  </datafield>
  <datafield tag="952" ind1=" " ind2=" ">
    <subfield code="0">0</subfield>
    <subfield code="1">0</subfield>
    <subfield code="4">0</subfield>
    <subfield code="7">0</subfield>
    <subfield code="a">BCEJYS</subfield>
    <subfield code="b">BCEJYS</subfield>
    <subfield code="c">17</subfield>
    <subfield code="d">2009-08-01</subfield>
    <subfield code="h">N&#xBA; 1097 - ago. 2009</subfield>
    <subfield code="l">0</subfield>
    <subfield code="o">H65 MER 1097</subfield>
    <subfield code="p">R02352</subfield>
    <subfield code="r">2026-04-10 16:05:57</subfield>
    <subfield code="w">2026-04-10</subfield>
    <subfield code="y">RN</subfield>
  </datafield>
  <datafield tag="952" ind1=" " ind2=" ">
    <subfield code="0">0</subfield>
    <subfield code="1">0</subfield>
    <subfield code="4">0</subfield>
    <subfield code="7">0</subfield>
    <subfield code="a">BCEJYS</subfield>
    <subfield code="b">BCEJYS</subfield>
    <subfield code="c">17</subfield>
    <subfield code="d">2009-07-01</subfield>
    <subfield code="h">N&#xBA; 1096 - jul. 2009</subfield>
    <subfield code="l">0</subfield>
    <subfield code="o">H65 MER 1096</subfield>
    <subfield code="p">R02351</subfield>
    <subfield code="r">2026-04-10 16:05:57</subfield>
    <subfield code="w">2026-04-10</subfield>
    <subfield code="y">RN</subfield>
  </datafield>
  <datafield tag="952" ind1=" " ind2=" ">
    <subfield code="0">0</subfield>
    <subfield code="1">0</subfield>
    <subfield code="4">0</subfield>
    <subfield code="7">0</subfield>
    <subfield code="a">BCEJYS</subfield>
    <subfield code="b">BCEJYS</subfield>
    <subfield code="c">17</subfield>
    <subfield code="d">2009-06-01</subfield>
    <subfield code="h">N&#xBA; 1095 - jun. 2009</subfield>
    <subfield code="l">0</subfield>
    <subfield code="o">H65 MER 1095</subfield>
    <subfield code="p">R02331</subfield>
    <subfield code="r">2026-04-10 16:05:57</subfield>
    <subfield code="w">2026-04-10</subfield>
    <subfield code="y">RN</subfield>
  </datafield>
  <datafield tag="952" ind1=" " ind2=" ">
    <subfield code="0">0</subfield>
    <subfield code="1">0</subfield>
    <subfield code="4">0</subfield>
    <subfield code="7">0</subfield>
    <subfield code="a">BCEJYS</subfield>
    <subfield code="b">BCEJYS</subfield>
    <subfield code="c">17</subfield>
    <subfield code="d">2009-05-01</subfield>
    <subfield code="h">N&#xBA; 1094 - may. 2009</subfield>
    <subfield code="l">0</subfield>
    <subfield code="o">H65 MER 1094</subfield>
    <subfield code="p">R02330</subfield>
    <subfield code="r">2026-04-10 16:05:57</subfield>
    <subfield code="w">2026-04-10</subfield>
    <subfield code="y">RN</subfield>
  </datafield>
  <datafield tag="952" ind1=" " ind2=" ">
    <subfield code="0">0</subfield>
    <subfield code="1">0</subfield>
    <subfield code="4">0</subfield>
    <subfield code="7">0</subfield>
    <subfield code="a">BCEJYS</subfield>
    <subfield code="b">BCEJYS</subfield>
    <subfield code="c">17</subfield>
    <subfield code="d">2009-04-01</subfield>
    <subfield code="h">N&#xBA; 1093 - abr. 2009</subfield>
    <subfield code="l">0</subfield>
    <subfield code="o">H65 MER 1093</subfield>
    <subfield code="p">R02270</subfield>
    <subfield code="r">2026-04-10 16:05:57</subfield>
    <subfield code="w">2026-04-10</subfield>
    <subfield code="y">RN</subfield>
  </datafield>
  <datafield tag="952" ind1=" " ind2=" ">
    <subfield code="0">0</subfield>
    <subfield code="1">0</subfield>
    <subfield code="4">0</subfield>
    <subfield code="7">0</subfield>
    <subfield code="a">BCEJYS</subfield>
    <subfield code="b">BCEJYS</subfield>
    <subfield code="c">17</subfield>
    <subfield code="d">2009-03-01</subfield>
    <subfield code="h">N&#xBA; 1092 - mar. 2009</subfield>
    <subfield code="l">0</subfield>
    <subfield code="o">H65 MER 1092</subfield>
    <subfield code="p">R02329</subfield>
    <subfield code="r">2026-04-10 16:05:57</subfield>
    <subfield code="w">2026-04-10</subfield>
    <subfield code="y">RN</subfield>
  </datafield>
  <datafield tag="952" ind1=" " ind2=" ">
    <subfield code="0">0</subfield>
    <subfield code="1">0</subfield>
    <subfield code="4">0</subfield>
    <subfield code="7">0</subfield>
    <subfield code="a">BCEJYS</subfield>
    <subfield code="b">BCEJYS</subfield>
    <subfield code="c">17</subfield>
    <subfield code="d">2009-02-01</subfield>
    <subfield code="h">N&#xBA; 1091 - feb. 2009</subfield>
    <subfield code="l">0</subfield>
    <subfield code="o">H65 MER 1091</subfield>
    <subfield code="p">R02328</subfield>
    <subfield code="r">2026-04-10 16:05:57</subfield>
    <subfield code="w">2026-04-10</subfield>
    <subfield code="y">RN</subfield>
  </datafield>
  <datafield tag="952" ind1=" " ind2=" ">
    <subfield code="0">0</subfield>
    <subfield code="1">0</subfield>
    <subfield code="4">0</subfield>
    <subfield code="7">0</subfield>
    <subfield code="a">BCEJYS</subfield>
    <subfield code="b">BCEJYS</subfield>
    <subfield code="c">17</subfield>
    <subfield code="d">2009-01-01</subfield>
    <subfield code="h">N&#xBA; 1090 - ene. 2009</subfield>
    <subfield code="l">0</subfield>
    <subfield code="o">H65 MER 1090</subfield>
    <subfield code="p">R02269</subfield>
    <subfield code="r">2026-04-10 16:05:57</subfield>
    <subfield code="w">2026-04-10</subfield>
    <subfield code="y">RN</subfield>
  </datafield>
  <datafield tag="952" ind1=" " ind2=" ">
    <subfield code="0">0</subfield>
    <subfield code="1">0</subfield>
    <subfield code="4">0</subfield>
    <subfield code="7">0</subfield>
    <subfield code="a">BCEJYS</subfield>
    <subfield code="b">BCEJYS</subfield>
    <subfield code="c">17</subfield>
    <subfield code="d">2008-12-01</subfield>
    <subfield code="h">N&#xBA; 1089 - dic. 2008</subfield>
    <subfield code="l">0</subfield>
    <subfield code="o">H65 MER 1089</subfield>
    <subfield code="p">R02247</subfield>
    <subfield code="r">2026-04-10 16:05:57</subfield>
    <subfield code="w">2026-04-10</subfield>
    <subfield code="y">RN</subfield>
  </datafield>
  <datafield tag="952" ind1=" " ind2=" ">
    <subfield code="0">0</subfield>
    <subfield code="1">0</subfield>
    <subfield code="4">0</subfield>
    <subfield code="7">0</subfield>
    <subfield code="a">BCEJYS</subfield>
    <subfield code="b">BCEJYS</subfield>
    <subfield code="c">17</subfield>
    <subfield code="d">2008-11-01</subfield>
    <subfield code="h">N&#xBA;1088/1 - nov. 2008</subfield>
    <subfield code="l">0</subfield>
    <subfield code="o">H65 MER 1088/1</subfield>
    <subfield code="p">R02236</subfield>
    <subfield code="r">2026-04-10 16:05:57</subfield>
    <subfield code="w">2026-04-10</subfield>
    <subfield code="y">RN</subfield>
  </datafield>
  <datafield tag="952" ind1=" " ind2=" ">
    <subfield code="0">0</subfield>
    <subfield code="1">0</subfield>
    <subfield code="4">0</subfield>
    <subfield code="7">0</subfield>
    <subfield code="a">BCEJYS</subfield>
    <subfield code="b">BCEJYS</subfield>
    <subfield code="c">17</subfield>
    <subfield code="d">2008-11-01</subfield>
    <subfield code="h">N&#xBA; 1088 - nov. 2008</subfield>
    <subfield code="l">0</subfield>
    <subfield code="o">H65 MER 1088</subfield>
    <subfield code="p">R02235</subfield>
    <subfield code="r">2026-04-10 16:05:57</subfield>
    <subfield code="w">2026-04-10</subfield>
    <subfield code="y">RN</subfield>
  </datafield>
  <datafield tag="952" ind1=" " ind2=" ">
    <subfield code="0">0</subfield>
    <subfield code="1">0</subfield>
    <subfield code="4">0</subfield>
    <subfield code="7">0</subfield>
    <subfield code="a">BCEJYS</subfield>
    <subfield code="b">BCEJYS</subfield>
    <subfield code="c">17</subfield>
    <subfield code="d">2008-10-01</subfield>
    <subfield code="h">N&#xBA; 1087 - oct. 2008</subfield>
    <subfield code="l">0</subfield>
    <subfield code="o">H65 MER 1087</subfield>
    <subfield code="p">R02226</subfield>
    <subfield code="r">2026-04-10 16:05:57</subfield>
    <subfield code="w">2026-04-10</subfield>
    <subfield code="y">RN</subfield>
  </datafield>
  <datafield tag="952" ind1=" " ind2=" ">
    <subfield code="0">0</subfield>
    <subfield code="1">0</subfield>
    <subfield code="4">0</subfield>
    <subfield code="7">0</subfield>
    <subfield code="a">BCEJYS</subfield>
    <subfield code="b">BCEJYS</subfield>
    <subfield code="c">17</subfield>
    <subfield code="d">2008-09-01</subfield>
    <subfield code="h">N&#xBA; 1086 - sep. 2008</subfield>
    <subfield code="l">0</subfield>
    <subfield code="o">H65 MER 1086</subfield>
    <subfield code="p">R02211</subfield>
    <subfield code="r">2026-04-10 16:05:57</subfield>
    <subfield code="w">2026-04-10</subfield>
    <subfield code="y">RN</subfield>
  </datafield>
  <datafield tag="952" ind1=" " ind2=" ">
    <subfield code="0">0</subfield>
    <subfield code="1">0</subfield>
    <subfield code="4">0</subfield>
    <subfield code="7">0</subfield>
    <subfield code="a">BCEJYS</subfield>
    <subfield code="b">BCEJYS</subfield>
    <subfield code="c">17</subfield>
    <subfield code="d">2008-08-01</subfield>
    <subfield code="h">N&#xBA; 1085 - ago. 2008</subfield>
    <subfield code="l">0</subfield>
    <subfield code="o">H65 MER 1085</subfield>
    <subfield code="p">R02206</subfield>
    <subfield code="r">2026-04-10 16:05:57</subfield>
    <subfield code="w">2026-04-10</subfield>
    <subfield code="y">RN</subfield>
  </datafield>
  <datafield tag="952" ind1=" " ind2=" ">
    <subfield code="0">0</subfield>
    <subfield code="1">0</subfield>
    <subfield code="4">0</subfield>
    <subfield code="7">0</subfield>
    <subfield code="a">BCEJYS</subfield>
    <subfield code="b">BCEJYS</subfield>
    <subfield code="c">17</subfield>
    <subfield code="d">2008-07-01</subfield>
    <subfield code="h">N&#xBA; 1084 - jul. 2008</subfield>
    <subfield code="l">0</subfield>
    <subfield code="o">H65 MER 1084</subfield>
    <subfield code="p">R02191</subfield>
    <subfield code="r">2026-04-10 16:05:57</subfield>
    <subfield code="w">2026-04-10</subfield>
    <subfield code="y">RN</subfield>
  </datafield>
  <datafield tag="952" ind1=" " ind2=" ">
    <subfield code="0">0</subfield>
    <subfield code="1">0</subfield>
    <subfield code="4">0</subfield>
    <subfield code="7">0</subfield>
    <subfield code="a">BCEJYS</subfield>
    <subfield code="b">BCEJYS</subfield>
    <subfield code="c">17</subfield>
    <subfield code="d">2008-06-01</subfield>
    <subfield code="h">N&#xBA; 1083 - jun. 2008</subfield>
    <subfield code="l">0</subfield>
    <subfield code="o">H65 MER 1083</subfield>
    <subfield code="p">R02194</subfield>
    <subfield code="r">2026-04-10 16:05:57</subfield>
    <subfield code="w">2026-04-10</subfield>
    <subfield code="y">RN</subfield>
  </datafield>
  <datafield tag="952" ind1=" " ind2=" ">
    <subfield code="0">0</subfield>
    <subfield code="1">0</subfield>
    <subfield code="4">0</subfield>
    <subfield code="7">0</subfield>
    <subfield code="a">BCEJYS</subfield>
    <subfield code="b">BCEJYS</subfield>
    <subfield code="c">17</subfield>
    <subfield code="d">2008-05-01</subfield>
    <subfield code="h">N&#xBA; 1082 - may. 2008</subfield>
    <subfield code="l">0</subfield>
    <subfield code="o">H65 MER 1082</subfield>
    <subfield code="p">R02193</subfield>
    <subfield code="r">2026-04-10 16:05:57</subfield>
    <subfield code="w">2026-04-10</subfield>
    <subfield code="y">RN</subfield>
  </datafield>
  <datafield tag="952" ind1=" " ind2=" ">
    <subfield code="0">0</subfield>
    <subfield code="1">0</subfield>
    <subfield code="4">0</subfield>
    <subfield code="7">0</subfield>
    <subfield code="a">BCEJYS</subfield>
    <subfield code="b">BCEJYS</subfield>
    <subfield code="c">17</subfield>
    <subfield code="d">2008-04-01</subfield>
    <subfield code="h">N&#xBA; 1081 - abr. 2008</subfield>
    <subfield code="l">0</subfield>
    <subfield code="o">H65 MER 1081</subfield>
    <subfield code="p">R02164</subfield>
    <subfield code="r">2026-04-10 16:05:57</subfield>
    <subfield code="w">2026-04-10</subfield>
    <subfield code="y">RN</subfield>
  </datafield>
  <datafield tag="952" ind1=" " ind2=" ">
    <subfield code="0">0</subfield>
    <subfield code="1">0</subfield>
    <subfield code="4">0</subfield>
    <subfield code="7">0</subfield>
    <subfield code="a">BCEJYS</subfield>
    <subfield code="b">BCEJYS</subfield>
    <subfield code="c">17</subfield>
    <subfield code="d">2008-03-01</subfield>
    <subfield code="h">N&#xBA; 1080 - mar. 2008</subfield>
    <subfield code="l">0</subfield>
    <subfield code="o">H65 MER 1080</subfield>
    <subfield code="p">R02163</subfield>
    <subfield code="r">2026-04-10 16:05:57</subfield>
    <subfield code="w">2026-04-10</subfield>
    <subfield code="y">RN</subfield>
  </datafield>
  <datafield tag="952" ind1=" " ind2=" ">
    <subfield code="0">0</subfield>
    <subfield code="1">0</subfield>
    <subfield code="4">0</subfield>
    <subfield code="7">0</subfield>
    <subfield code="a">BCEJYS</subfield>
    <subfield code="b">BCEJYS</subfield>
    <subfield code="c">17</subfield>
    <subfield code="d">2008-02-01</subfield>
    <subfield code="h">N&#xBA; 1079 - feb. 2008</subfield>
    <subfield code="l">0</subfield>
    <subfield code="o">H65 MER 1079</subfield>
    <subfield code="p">R02137</subfield>
    <subfield code="r">2026-04-10 16:05:57</subfield>
    <subfield code="w">2026-04-10</subfield>
    <subfield code="y">RN</subfield>
  </datafield>
  <datafield tag="952" ind1=" " ind2=" ">
    <subfield code="0">0</subfield>
    <subfield code="1">0</subfield>
    <subfield code="4">0</subfield>
    <subfield code="7">0</subfield>
    <subfield code="a">BCEJYS</subfield>
    <subfield code="b">BCEJYS</subfield>
    <subfield code="c">17</subfield>
    <subfield code="d">2008-01-01</subfield>
    <subfield code="h">N&#xBA; 1078 - ene. 2008</subfield>
    <subfield code="l">0</subfield>
    <subfield code="o">H65 MER 1078</subfield>
    <subfield code="p">R02162</subfield>
    <subfield code="r">2026-04-10 16:05:57</subfield>
    <subfield code="w">2026-04-10</subfield>
    <subfield code="y">RN</subfield>
  </datafield>
  <datafield tag="952" ind1=" " ind2=" ">
    <subfield code="0">0</subfield>
    <subfield code="1">0</subfield>
    <subfield code="4">0</subfield>
    <subfield code="7">0</subfield>
    <subfield code="a">BCEJYS</subfield>
    <subfield code="b">BCEJYS</subfield>
    <subfield code="c">17</subfield>
    <subfield code="d">2007-12-01</subfield>
    <subfield code="h">N&#xBA; 1077 - dic. 2007</subfield>
    <subfield code="l">0</subfield>
    <subfield code="o">H65 MER 1077</subfield>
    <subfield code="p">R02136</subfield>
    <subfield code="r">2026-04-10 16:05:57</subfield>
    <subfield code="w">2026-04-10</subfield>
    <subfield code="y">RN</subfield>
  </datafield>
  <datafield tag="952" ind1=" " ind2=" ">
    <subfield code="0">0</subfield>
    <subfield code="1">0</subfield>
    <subfield code="4">0</subfield>
    <subfield code="7">0</subfield>
    <subfield code="a">BCEJYS</subfield>
    <subfield code="b">BCEJYS</subfield>
    <subfield code="c">17</subfield>
    <subfield code="d">2007-11-01</subfield>
    <subfield code="h">N&#xBA; 1076 - nov. 2007</subfield>
    <subfield code="l">0</subfield>
    <subfield code="o">H65 MER 1076</subfield>
    <subfield code="p">R02116</subfield>
    <subfield code="r">2026-04-10 16:05:57</subfield>
    <subfield code="w">2026-04-10</subfield>
    <subfield code="y">RN</subfield>
  </datafield>
  <datafield tag="952" ind1=" " ind2=" ">
    <subfield code="0">0</subfield>
    <subfield code="1">0</subfield>
    <subfield code="4">0</subfield>
    <subfield code="7">0</subfield>
    <subfield code="a">BCEJYS</subfield>
    <subfield code="b">BCEJYS</subfield>
    <subfield code="c">17</subfield>
    <subfield code="d">2007-10-01</subfield>
    <subfield code="h">N&#xBA; 1075 - oct. 2007</subfield>
    <subfield code="l">0</subfield>
    <subfield code="o">H65 MER 1075</subfield>
    <subfield code="p">R02108</subfield>
    <subfield code="r">2026-04-10 16:05:57</subfield>
    <subfield code="w">2026-04-10</subfield>
    <subfield code="y">RN</subfield>
  </datafield>
  <datafield tag="952" ind1=" " ind2=" ">
    <subfield code="0">0</subfield>
    <subfield code="1">0</subfield>
    <subfield code="4">0</subfield>
    <subfield code="7">0</subfield>
    <subfield code="a">BCEJYS</subfield>
    <subfield code="b">BCEJYS</subfield>
    <subfield code="c">17</subfield>
    <subfield code="d">2007-09-01</subfield>
    <subfield code="h">N&#xBA; 1074 - sep. 2007</subfield>
    <subfield code="l">0</subfield>
    <subfield code="o">H65 MER 1074</subfield>
    <subfield code="p">R02084</subfield>
    <subfield code="r">2026-04-10 16:05:57</subfield>
    <subfield code="w">2026-04-10</subfield>
    <subfield code="y">RN</subfield>
  </datafield>
  <datafield tag="952" ind1=" " ind2=" ">
    <subfield code="0">0</subfield>
    <subfield code="1">0</subfield>
    <subfield code="4">0</subfield>
    <subfield code="7">0</subfield>
    <subfield code="a">BCEJYS</subfield>
    <subfield code="b">BCEJYS</subfield>
    <subfield code="c">17</subfield>
    <subfield code="d">2007-08-01</subfield>
    <subfield code="h">N&#xBA; 1073 - ago. 2007</subfield>
    <subfield code="l">0</subfield>
    <subfield code="o">H65 MER 1073</subfield>
    <subfield code="p">R02071</subfield>
    <subfield code="r">2026-04-10 16:05:57</subfield>
    <subfield code="w">2026-04-10</subfield>
    <subfield code="y">RN</subfield>
  </datafield>
  <datafield tag="952" ind1=" " ind2=" ">
    <subfield code="0">0</subfield>
    <subfield code="1">0</subfield>
    <subfield code="4">0</subfield>
    <subfield code="7">0</subfield>
    <subfield code="a">BCEJYS</subfield>
    <subfield code="b">BCEJYS</subfield>
    <subfield code="c">17</subfield>
    <subfield code="d">2007-07-01</subfield>
    <subfield code="h">N&#xBA; 1072 - jul. 2007</subfield>
    <subfield code="l">0</subfield>
    <subfield code="o">H65 MER 1072</subfield>
    <subfield code="p">R02039</subfield>
    <subfield code="r">2026-04-10 16:05:57</subfield>
    <subfield code="w">2026-04-10</subfield>
    <subfield code="y">RN</subfield>
  </datafield>
  <datafield tag="952" ind1=" " ind2=" ">
    <subfield code="0">0</subfield>
    <subfield code="1">0</subfield>
    <subfield code="4">0</subfield>
    <subfield code="7">0</subfield>
    <subfield code="a">BCEJYS</subfield>
    <subfield code="b">BCEJYS</subfield>
    <subfield code="c">17</subfield>
    <subfield code="d">2007-06-01</subfield>
    <subfield code="h">N&#xBA; 1071 - jun. 2007</subfield>
    <subfield code="l">0</subfield>
    <subfield code="o">H65 MER 1071</subfield>
    <subfield code="p">R02054</subfield>
    <subfield code="r">2026-04-10 16:05:57</subfield>
    <subfield code="w">2026-04-10</subfield>
    <subfield code="y">RN</subfield>
  </datafield>
  <datafield tag="952" ind1=" " ind2=" ">
    <subfield code="0">0</subfield>
    <subfield code="1">0</subfield>
    <subfield code="4">0</subfield>
    <subfield code="7">0</subfield>
    <subfield code="a">BCEJYS</subfield>
    <subfield code="b">BCEJYS</subfield>
    <subfield code="c">17</subfield>
    <subfield code="d">2007-05-01</subfield>
    <subfield code="h">N&#xBA; 1070 - may. 2007</subfield>
    <subfield code="l">0</subfield>
    <subfield code="o">H65 MER 1070</subfield>
    <subfield code="p">R02015</subfield>
    <subfield code="r">2026-04-10 16:05:57</subfield>
    <subfield code="w">2026-04-10</subfield>
    <subfield code="y">RN</subfield>
  </datafield>
  <datafield tag="952" ind1=" " ind2=" ">
    <subfield code="0">0</subfield>
    <subfield code="1">0</subfield>
    <subfield code="4">0</subfield>
    <subfield code="7">0</subfield>
    <subfield code="a">BCEJYS</subfield>
    <subfield code="b">BCEJYS</subfield>
    <subfield code="c">17</subfield>
    <subfield code="d">2007-04-01</subfield>
    <subfield code="h">N&#xBA; 1069 - abr. 2007</subfield>
    <subfield code="l">0</subfield>
    <subfield code="o">H65 MER 1069</subfield>
    <subfield code="p">R02014</subfield>
    <subfield code="r">2026-04-10 16:05:57</subfield>
    <subfield code="w">2026-04-10</subfield>
    <subfield code="y">RN</subfield>
  </datafield>
  <datafield tag="952" ind1=" " ind2=" ">
    <subfield code="0">0</subfield>
    <subfield code="1">0</subfield>
    <subfield code="4">0</subfield>
    <subfield code="7">0</subfield>
    <subfield code="a">BCEJYS</subfield>
    <subfield code="b">BCEJYS</subfield>
    <subfield code="c">17</subfield>
    <subfield code="d">2007-03-01</subfield>
    <subfield code="h">N&#xBA; 1068 - mar. 2007</subfield>
    <subfield code="l">0</subfield>
    <subfield code="o">H65 MER 1068</subfield>
    <subfield code="p">R01973</subfield>
    <subfield code="r">2026-04-10 16:05:57</subfield>
    <subfield code="w">2026-04-10</subfield>
    <subfield code="y">RN</subfield>
  </datafield>
  <datafield tag="952" ind1=" " ind2=" ">
    <subfield code="0">0</subfield>
    <subfield code="1">0</subfield>
    <subfield code="4">0</subfield>
    <subfield code="7">0</subfield>
    <subfield code="a">BCEJYS</subfield>
    <subfield code="b">BCEJYS</subfield>
    <subfield code="c">17</subfield>
    <subfield code="d">2007-02-01</subfield>
    <subfield code="h">N&#xBA; 1067 - feb. 2007</subfield>
    <subfield code="l">0</subfield>
    <subfield code="o">H65 MER 1067</subfield>
    <subfield code="p">R02013</subfield>
    <subfield code="r">2026-04-10 16:05:57</subfield>
    <subfield code="w">2026-04-10</subfield>
    <subfield code="y">RN</subfield>
  </datafield>
  <datafield tag="952" ind1=" " ind2=" ">
    <subfield code="0">0</subfield>
    <subfield code="1">0</subfield>
    <subfield code="4">0</subfield>
    <subfield code="7">0</subfield>
    <subfield code="a">BCEJYS</subfield>
    <subfield code="b">BCEJYS</subfield>
    <subfield code="c">17</subfield>
    <subfield code="d">2007-01-01</subfield>
    <subfield code="h">N&#xBA; 1066 - ene. 2007</subfield>
    <subfield code="l">0</subfield>
    <subfield code="o">H65 MER 1066</subfield>
    <subfield code="p">R01972</subfield>
    <subfield code="r">2026-04-10 16:05:57</subfield>
    <subfield code="w">2026-04-10</subfield>
    <subfield code="y">RN</subfield>
  </datafield>
  <datafield tag="952" ind1=" " ind2=" ">
    <subfield code="0">0</subfield>
    <subfield code="1">0</subfield>
    <subfield code="4">0</subfield>
    <subfield code="7">0</subfield>
    <subfield code="a">BCEJYS</subfield>
    <subfield code="b">BCEJYS</subfield>
    <subfield code="c">17</subfield>
    <subfield code="d">2006-12-01</subfield>
    <subfield code="h">N&#xBA; 1065 - dic. 2006</subfield>
    <subfield code="l">0</subfield>
    <subfield code="o">H65 MER 1065</subfield>
    <subfield code="p">R01971</subfield>
    <subfield code="r">2026-04-10 16:05:57</subfield>
    <subfield code="w">2026-04-10</subfield>
    <subfield code="y">RN</subfield>
  </datafield>
  <datafield tag="952" ind1=" " ind2=" ">
    <subfield code="0">0</subfield>
    <subfield code="1">0</subfield>
    <subfield code="4">0</subfield>
    <subfield code="7">0</subfield>
    <subfield code="a">BCEJYS</subfield>
    <subfield code="b">BCEJYS</subfield>
    <subfield code="c">17</subfield>
    <subfield code="d">2006-11-01</subfield>
    <subfield code="h">N&#xBA; 1064 - nov. 2006</subfield>
    <subfield code="l">0</subfield>
    <subfield code="o">H65 MER 1064</subfield>
    <subfield code="p">R01951</subfield>
    <subfield code="r">2026-04-10 16:05:57</subfield>
    <subfield code="w">2026-04-10</subfield>
    <subfield code="y">RN</subfield>
  </datafield>
  <datafield tag="952" ind1=" " ind2=" ">
    <subfield code="0">0</subfield>
    <subfield code="1">0</subfield>
    <subfield code="4">0</subfield>
    <subfield code="7">0</subfield>
    <subfield code="a">BCEJYS</subfield>
    <subfield code="b">BCEJYS</subfield>
    <subfield code="c">17</subfield>
    <subfield code="d">2006-10-01</subfield>
    <subfield code="h">N&#xBA; 1063 - oct. 2006</subfield>
    <subfield code="l">0</subfield>
    <subfield code="o">H65 MER 1063</subfield>
    <subfield code="p">R01919</subfield>
    <subfield code="r">2026-04-10 16:05:57</subfield>
    <subfield code="w">2026-04-10</subfield>
    <subfield code="y">RN</subfield>
  </datafield>
  <datafield tag="952" ind1=" " ind2=" ">
    <subfield code="0">0</subfield>
    <subfield code="1">0</subfield>
    <subfield code="4">0</subfield>
    <subfield code="7">0</subfield>
    <subfield code="a">BCEJYS</subfield>
    <subfield code="b">BCEJYS</subfield>
    <subfield code="c">17</subfield>
    <subfield code="d">2006-09-01</subfield>
    <subfield code="h">N&#xBA; 1062 - sep. 2006</subfield>
    <subfield code="l">0</subfield>
    <subfield code="o">H65 MER 1062</subfield>
    <subfield code="p">R01918</subfield>
    <subfield code="r">2026-04-10 16:05:57</subfield>
    <subfield code="w">2026-04-10</subfield>
    <subfield code="y">RN</subfield>
  </datafield>
  <datafield tag="952" ind1=" " ind2=" ">
    <subfield code="0">0</subfield>
    <subfield code="1">0</subfield>
    <subfield code="4">0</subfield>
    <subfield code="7">0</subfield>
    <subfield code="a">BCEJYS</subfield>
    <subfield code="b">BCEJYS</subfield>
    <subfield code="c">17</subfield>
    <subfield code="d">2006-08-01</subfield>
    <subfield code="h">N&#xBA; 1061 - ago. 2006</subfield>
    <subfield code="l">0</subfield>
    <subfield code="o">H65 MER 1061</subfield>
    <subfield code="p">R01950</subfield>
    <subfield code="r">2026-04-10 16:05:57</subfield>
    <subfield code="w">2026-04-10</subfield>
    <subfield code="y">RN</subfield>
  </datafield>
  <datafield tag="952" ind1=" " ind2=" ">
    <subfield code="0">0</subfield>
    <subfield code="1">0</subfield>
    <subfield code="4">0</subfield>
    <subfield code="7">0</subfield>
    <subfield code="a">BCEJYS</subfield>
    <subfield code="b">BCEJYS</subfield>
    <subfield code="c">17</subfield>
    <subfield code="d">2006-07-01</subfield>
    <subfield code="h">N&#xBA; 1060 - jul. 2006</subfield>
    <subfield code="l">0</subfield>
    <subfield code="o">H65 MER 1060</subfield>
    <subfield code="p">R01849</subfield>
    <subfield code="r">2026-04-10 16:05:57</subfield>
    <subfield code="w">2026-04-10</subfield>
    <subfield code="y">RN</subfield>
  </datafield>
  <datafield tag="952" ind1=" " ind2=" ">
    <subfield code="0">0</subfield>
    <subfield code="1">0</subfield>
    <subfield code="4">0</subfield>
    <subfield code="7">0</subfield>
    <subfield code="a">BCEJYS</subfield>
    <subfield code="b">BCEJYS</subfield>
    <subfield code="c">17</subfield>
    <subfield code="d">2006-06-01</subfield>
    <subfield code="h">N&#xBA; 1059 - jun. 2006</subfield>
    <subfield code="l">0</subfield>
    <subfield code="o">H65 MER 1059</subfield>
    <subfield code="p">R01838</subfield>
    <subfield code="r">2026-04-10 16:05:57</subfield>
    <subfield code="w">2026-04-10</subfield>
    <subfield code="y">RN</subfield>
  </datafield>
  <datafield tag="952" ind1=" " ind2=" ">
    <subfield code="0">0</subfield>
    <subfield code="1">0</subfield>
    <subfield code="4">0</subfield>
    <subfield code="7">0</subfield>
    <subfield code="a">BCEJYS</subfield>
    <subfield code="b">BCEJYS</subfield>
    <subfield code="c">17</subfield>
    <subfield code="d">2006-05-01</subfield>
    <subfield code="h">N&#xBA; 1058 - may. 2006</subfield>
    <subfield code="l">0</subfield>
    <subfield code="o">H65 MER 1058</subfield>
    <subfield code="p">R01837</subfield>
    <subfield code="r">2026-04-10 16:05:57</subfield>
    <subfield code="w">2026-04-10</subfield>
    <subfield code="y">RN</subfield>
  </datafield>
  <datafield tag="952" ind1=" " ind2=" ">
    <subfield code="0">0</subfield>
    <subfield code="1">0</subfield>
    <subfield code="4">0</subfield>
    <subfield code="7">0</subfield>
    <subfield code="a">BCEJYS</subfield>
    <subfield code="b">BCEJYS</subfield>
    <subfield code="c">17</subfield>
    <subfield code="d">2006-04-01</subfield>
    <subfield code="h">N&#xBA; 1057 - abr. 2006</subfield>
    <subfield code="l">0</subfield>
    <subfield code="o">H65 MER 1057</subfield>
    <subfield code="p">R01807</subfield>
    <subfield code="r">2026-04-10 16:05:57</subfield>
    <subfield code="w">2026-04-10</subfield>
    <subfield code="y">RN</subfield>
  </datafield>
  <datafield tag="952" ind1=" " ind2=" ">
    <subfield code="0">0</subfield>
    <subfield code="1">0</subfield>
    <subfield code="4">0</subfield>
    <subfield code="7">0</subfield>
    <subfield code="a">BCEJYS</subfield>
    <subfield code="b">BCEJYS</subfield>
    <subfield code="c">17</subfield>
    <subfield code="d">2006-03-01</subfield>
    <subfield code="h">N&#xBA; 1056 - mar. 2006</subfield>
    <subfield code="l">0</subfield>
    <subfield code="o">H65 MER 1056</subfield>
    <subfield code="p">R01715</subfield>
    <subfield code="r">2026-04-10 16:05:57</subfield>
    <subfield code="w">2026-04-10</subfield>
    <subfield code="y">RN</subfield>
  </datafield>
  <datafield tag="952" ind1=" " ind2=" ">
    <subfield code="0">0</subfield>
    <subfield code="1">0</subfield>
    <subfield code="4">0</subfield>
    <subfield code="7">0</subfield>
    <subfield code="a">BCEJYS</subfield>
    <subfield code="b">BCEJYS</subfield>
    <subfield code="c">17</subfield>
    <subfield code="d">2006-02-01</subfield>
    <subfield code="h">N&#xBA;1055 - feb. 2006</subfield>
    <subfield code="l">0</subfield>
    <subfield code="o">H65 MER 1055</subfield>
    <subfield code="p">R01729</subfield>
    <subfield code="r">2026-04-10 16:05:57</subfield>
    <subfield code="w">2026-04-10</subfield>
    <subfield code="y">RN</subfield>
  </datafield>
  <datafield tag="952" ind1=" " ind2=" ">
    <subfield code="0">0</subfield>
    <subfield code="1">0</subfield>
    <subfield code="4">0</subfield>
    <subfield code="7">0</subfield>
    <subfield code="a">BCEJYS</subfield>
    <subfield code="b">BCEJYS</subfield>
    <subfield code="c">17</subfield>
    <subfield code="d">2006-01-01</subfield>
    <subfield code="h">N&#xBA; 1054 - ene. 2006</subfield>
    <subfield code="l">0</subfield>
    <subfield code="o">H65 MER 1054</subfield>
    <subfield code="p">R01695</subfield>
    <subfield code="r">2026-04-10 16:05:57</subfield>
    <subfield code="w">2026-04-10</subfield>
    <subfield code="y">RN</subfield>
  </datafield>
  <datafield tag="952" ind1=" " ind2=" ">
    <subfield code="0">0</subfield>
    <subfield code="1">0</subfield>
    <subfield code="4">0</subfield>
    <subfield code="7">0</subfield>
    <subfield code="a">BCEJYS</subfield>
    <subfield code="b">BCEJYS</subfield>
    <subfield code="c">17</subfield>
    <subfield code="d">2005-12-01</subfield>
    <subfield code="h">N&#xBA; 1053 - dic. 2005</subfield>
    <subfield code="l">0</subfield>
    <subfield code="o">H65 MER 1053</subfield>
    <subfield code="p">R01689</subfield>
    <subfield code="r">2026-04-10 16:05:57</subfield>
    <subfield code="w">2026-04-10</subfield>
    <subfield code="y">RN</subfield>
  </datafield>
  <datafield tag="952" ind1=" " ind2=" ">
    <subfield code="0">0</subfield>
    <subfield code="1">0</subfield>
    <subfield code="4">0</subfield>
    <subfield code="7">0</subfield>
    <subfield code="a">BCEJYS</subfield>
    <subfield code="b">BCEJYS</subfield>
    <subfield code="c">17</subfield>
    <subfield code="d">2005-11-01</subfield>
    <subfield code="h">N&#xBA; 1052 - nov. 2005</subfield>
    <subfield code="l">0</subfield>
    <subfield code="o">H65 MER 1052</subfield>
    <subfield code="p">R01655</subfield>
    <subfield code="r">2026-04-10 16:05:57</subfield>
    <subfield code="w">2026-04-10</subfield>
    <subfield code="y">RN</subfield>
  </datafield>
  <datafield tag="952" ind1=" " ind2=" ">
    <subfield code="0">0</subfield>
    <subfield code="1">0</subfield>
    <subfield code="4">0</subfield>
    <subfield code="7">0</subfield>
    <subfield code="a">BCEJYS</subfield>
    <subfield code="b">BCEJYS</subfield>
    <subfield code="c">17</subfield>
    <subfield code="d">2005-10-01</subfield>
    <subfield code="h">N&#xBA; 1051 - oct. 2005</subfield>
    <subfield code="l">0</subfield>
    <subfield code="o">H65 MER 1051</subfield>
    <subfield code="p">R01636</subfield>
    <subfield code="r">2026-04-10 16:05:57</subfield>
    <subfield code="w">2026-04-10</subfield>
    <subfield code="y">RN</subfield>
  </datafield>
  <datafield tag="952" ind1=" " ind2=" ">
    <subfield code="0">0</subfield>
    <subfield code="1">0</subfield>
    <subfield code="4">0</subfield>
    <subfield code="7">0</subfield>
    <subfield code="a">BCEJYS</subfield>
    <subfield code="b">BCEJYS</subfield>
    <subfield code="c">17</subfield>
    <subfield code="d">2005-09-01</subfield>
    <subfield code="h">N&#xBA; 1050 - sep. 2005</subfield>
    <subfield code="l">0</subfield>
    <subfield code="o">H65 MER 1050</subfield>
    <subfield code="p">R01626</subfield>
    <subfield code="r">2026-04-10 16:05:57</subfield>
    <subfield code="w">2026-04-10</subfield>
    <subfield code="y">RN</subfield>
  </datafield>
  <datafield tag="952" ind1=" " ind2=" ">
    <subfield code="0">0</subfield>
    <subfield code="1">0</subfield>
    <subfield code="4">0</subfield>
    <subfield code="7">0</subfield>
    <subfield code="a">BCEJYS</subfield>
    <subfield code="b">BCEJYS</subfield>
    <subfield code="c">17</subfield>
    <subfield code="d">1995-08-01</subfield>
    <subfield code="h">N&#xBA; 933 - ago. 1995</subfield>
    <subfield code="l">0</subfield>
    <subfield code="o">H65 MER 933</subfield>
    <subfield code="p">R02976</subfield>
    <subfield code="r">2026-04-10 16:05:57</subfield>
    <subfield code="w">2026-04-10</subfield>
    <subfield code="y">RN</subfield>
  </datafield>
  <datafield tag="952" ind1=" " ind2=" ">
    <subfield code="0">0</subfield>
    <subfield code="1">0</subfield>
    <subfield code="4">0</subfield>
    <subfield code="7">0</subfield>
    <subfield code="a">BCEJYS</subfield>
    <subfield code="b">BCEJYS</subfield>
    <subfield code="c">17</subfield>
    <subfield code="d">1995-02-01</subfield>
    <subfield code="h">N&#xBA; 927 - feb. 1995</subfield>
    <subfield code="l">0</subfield>
    <subfield code="o">H65 MER 927</subfield>
    <subfield code="p">R02977</subfield>
    <subfield code="r">2026-04-10 16:05:57</subfield>
    <subfield code="w">2026-04-10</subfield>
    <subfield code="y">RN</subfield>
  </datafield>
  <datafield tag="952" ind1=" " ind2=" ">
    <subfield code="0">0</subfield>
    <subfield code="1">0</subfield>
    <subfield code="4">0</subfield>
    <subfield code="7">0</subfield>
    <subfield code="a">BCEJYS</subfield>
    <subfield code="b">BCEJYS</subfield>
    <subfield code="c">17</subfield>
    <subfield code="d">1994-12-01</subfield>
    <subfield code="h">N&#xBA; 925 - dic. 1994</subfield>
    <subfield code="l">0</subfield>
    <subfield code="o">H65 MER 925</subfield>
    <subfield code="p">R02974</subfield>
    <subfield code="r">2026-04-10 16:05:57</subfield>
    <subfield code="w">2026-04-10</subfield>
    <subfield code="y">RN</subfield>
  </datafield>
  <datafield tag="952" ind1=" " ind2=" ">
    <subfield code="0">0</subfield>
    <subfield code="1">0</subfield>
    <subfield code="4">0</subfield>
    <subfield code="7">0</subfield>
    <subfield code="a">BCEJYS</subfield>
    <subfield code="b">BCEJYS</subfield>
    <subfield code="c">17</subfield>
    <subfield code="d">1994-11-01</subfield>
    <subfield code="h">N&#xBA; 924 - nov. 1994</subfield>
    <subfield code="l">0</subfield>
    <subfield code="o">H65 MER 924</subfield>
    <subfield code="p">R03049</subfield>
    <subfield code="r">2026-04-10 16:05:57</subfield>
    <subfield code="w">2026-04-10</subfield>
    <subfield code="y">RN</subfield>
  </datafield>
  <datafield tag="952" ind1=" " ind2=" ">
    <subfield code="0">0</subfield>
    <subfield code="1">0</subfield>
    <subfield code="4">0</subfield>
    <subfield code="7">0</subfield>
    <subfield code="a">BCEJYS</subfield>
    <subfield code="b">BCEJYS</subfield>
    <subfield code="c">17</subfield>
    <subfield code="d">1994-10-01</subfield>
    <subfield code="h">N&#xBA; 923 - oct. 1994</subfield>
    <subfield code="l">0</subfield>
    <subfield code="o">H65 MER 923</subfield>
    <subfield code="p">R02975</subfield>
    <subfield code="r">2026-04-10 16:05:57</subfield>
    <subfield code="w">2026-04-10</subfield>
    <subfield code="y">RN</subfield>
  </datafield>
  <datafield tag="952" ind1=" " ind2=" ">
    <subfield code="0">0</subfield>
    <subfield code="1">0</subfield>
    <subfield code="4">0</subfield>
    <subfield code="7">0</subfield>
    <subfield code="a">BCEJYS</subfield>
    <subfield code="b">BCEJYS</subfield>
    <subfield code="c">17</subfield>
    <subfield code="d">1994-09-01</subfield>
    <subfield code="h">N&#xBA; 922 - sep. 1994</subfield>
    <subfield code="l">0</subfield>
    <subfield code="o">H65 MER 922</subfield>
    <subfield code="p">R03050</subfield>
    <subfield code="r">2026-04-10 16:05:57</subfield>
    <subfield code="w">2026-04-10</subfield>
    <subfield code="y">RN</subfield>
  </datafield>
  <datafield tag="952" ind1=" " ind2=" ">
    <subfield code="0">0</subfield>
    <subfield code="1">0</subfield>
    <subfield code="4">0</subfield>
    <subfield code="7">0</subfield>
    <subfield code="a">BCEJYS</subfield>
    <subfield code="b">BCEJYS</subfield>
    <subfield code="c">17</subfield>
    <subfield code="d">1994-08-01</subfield>
    <subfield code="h">N&#xBA; 921 - ago. 1994</subfield>
    <subfield code="l">0</subfield>
    <subfield code="o">H65 MER 921</subfield>
    <subfield code="p">R03051</subfield>
    <subfield code="r">2026-04-10 16:05:57</subfield>
    <subfield code="w">2026-04-10</subfield>
    <subfield code="y">RN</subfield>
  </datafield>
  <datafield tag="952" ind1=" " ind2=" ">
    <subfield code="0">0</subfield>
    <subfield code="1">0</subfield>
    <subfield code="4">0</subfield>
    <subfield code="7">0</subfield>
    <subfield code="a">BCEJYS</subfield>
    <subfield code="b">BCEJYS</subfield>
    <subfield code="c">17</subfield>
    <subfield code="d">1994-07-01</subfield>
    <subfield code="h">N&#xBA; 920 - jul. 1994</subfield>
    <subfield code="l">0</subfield>
    <subfield code="o">H65 MER 920</subfield>
    <subfield code="p">R03052</subfield>
    <subfield code="r">2026-04-10 16:05:57</subfield>
    <subfield code="w">2026-04-10</subfield>
    <subfield code="y">RN</subfield>
  </datafield>
  <datafield tag="952" ind1=" " ind2=" ">
    <subfield code="0">0</subfield>
    <subfield code="1">0</subfield>
    <subfield code="4">0</subfield>
    <subfield code="7">0</subfield>
    <subfield code="a">BCEJYS</subfield>
    <subfield code="b">BCEJYS</subfield>
    <subfield code="c">17</subfield>
    <subfield code="d">1994-06-01</subfield>
    <subfield code="h">N&#xBA; 919 - jun. 1994</subfield>
    <subfield code="l">0</subfield>
    <subfield code="o">H65 MER 919</subfield>
    <subfield code="p">R03053</subfield>
    <subfield code="r">2026-04-10 16:05:57</subfield>
    <subfield code="w">2026-04-10</subfield>
    <subfield code="y">RN</subfield>
  </datafield>
  <datafield tag="952" ind1=" " ind2=" ">
    <subfield code="0">0</subfield>
    <subfield code="1">0</subfield>
    <subfield code="4">0</subfield>
    <subfield code="7">0</subfield>
    <subfield code="a">BCEJYS</subfield>
    <subfield code="b">BCEJYS</subfield>
    <subfield code="c">17</subfield>
    <subfield code="d">1994-05-01</subfield>
    <subfield code="h">N&#xBA; 918 - may. 1994</subfield>
    <subfield code="l">0</subfield>
    <subfield code="o">H65 MER 918</subfield>
    <subfield code="p">R03054</subfield>
    <subfield code="r">2026-04-10 16:05:57</subfield>
    <subfield code="w">2026-04-10</subfield>
    <subfield code="y">RN</subfield>
  </datafield>
  <datafield tag="952" ind1=" " ind2=" ">
    <subfield code="0">0</subfield>
    <subfield code="1">0</subfield>
    <subfield code="4">0</subfield>
    <subfield code="7">0</subfield>
    <subfield code="a">BCEJYS</subfield>
    <subfield code="b">BCEJYS</subfield>
    <subfield code="c">17</subfield>
    <subfield code="d">1994-04-01</subfield>
    <subfield code="h">N&#xBA; 917 - abr. 1994</subfield>
    <subfield code="l">0</subfield>
    <subfield code="o">H65 MER 917</subfield>
    <subfield code="p">R03055</subfield>
    <subfield code="r">2026-04-10 16:05:57</subfield>
    <subfield code="w">2026-04-10</subfield>
    <subfield code="y">RN</subfield>
  </datafield>
  <datafield tag="952" ind1=" " ind2=" ">
    <subfield code="0">0</subfield>
    <subfield code="1">0</subfield>
    <subfield code="4">0</subfield>
    <subfield code="7">0</subfield>
    <subfield code="a">BCEJYS</subfield>
    <subfield code="b">BCEJYS</subfield>
    <subfield code="c">17</subfield>
    <subfield code="d">1994-03-01</subfield>
    <subfield code="h">N&#xBA; 916 - mar. 1994</subfield>
    <subfield code="l">0</subfield>
    <subfield code="o">H65 MER 916</subfield>
    <subfield code="p">R03056</subfield>
    <subfield code="r">2026-04-10 16:05:57</subfield>
    <subfield code="w">2026-04-10</subfield>
    <subfield code="y">RN</subfield>
  </datafield>
  <datafield tag="952" ind1=" " ind2=" ">
    <subfield code="0">0</subfield>
    <subfield code="1">0</subfield>
    <subfield code="4">0</subfield>
    <subfield code="7">0</subfield>
    <subfield code="a">BCEJYS</subfield>
    <subfield code="b">BCEJYS</subfield>
    <subfield code="c">17</subfield>
    <subfield code="d">1994-02-01</subfield>
    <subfield code="h">N&#xBA; 915 - feb. 1994</subfield>
    <subfield code="l">0</subfield>
    <subfield code="o">H65 MER 915</subfield>
    <subfield code="p">R03057</subfield>
    <subfield code="r">2026-04-10 16:05:57</subfield>
    <subfield code="w">2026-04-10</subfield>
    <subfield code="y">RN</subfield>
  </datafield>
  <datafield tag="952" ind1=" " ind2=" ">
    <subfield code="0">0</subfield>
    <subfield code="1">0</subfield>
    <subfield code="4">0</subfield>
    <subfield code="7">0</subfield>
    <subfield code="a">BCEJYS</subfield>
    <subfield code="b">BCEJYS</subfield>
    <subfield code="c">17</subfield>
    <subfield code="d">1994-01-01</subfield>
    <subfield code="h">N&#xBA; 914 - ene. 1994</subfield>
    <subfield code="l">0</subfield>
    <subfield code="o">H65 MER 914</subfield>
    <subfield code="p">R03058</subfield>
    <subfield code="r">2026-04-10 16:05:57</subfield>
    <subfield code="w">2026-04-10</subfield>
    <subfield code="y">RN</subfield>
  </datafield>
  <datafield tag="952" ind1=" " ind2=" ">
    <subfield code="0">0</subfield>
    <subfield code="1">0</subfield>
    <subfield code="4">0</subfield>
    <subfield code="7">0</subfield>
    <subfield code="a">BCEJYS</subfield>
    <subfield code="b">BCEJYS</subfield>
    <subfield code="c">17</subfield>
    <subfield code="d">1993-12-01</subfield>
    <subfield code="h">N&#xBA; 913 - dic. 1993</subfield>
    <subfield code="l">0</subfield>
    <subfield code="o">H65 MER 913</subfield>
    <subfield code="p">R02965</subfield>
    <subfield code="r">2026-04-10 16:05:57</subfield>
    <subfield code="w">2026-04-10</subfield>
    <subfield code="y">RN</subfield>
  </datafield>
  <datafield tag="952" ind1=" " ind2=" ">
    <subfield code="0">0</subfield>
    <subfield code="1">0</subfield>
    <subfield code="4">0</subfield>
    <subfield code="7">0</subfield>
    <subfield code="a">BCEJYS</subfield>
    <subfield code="b">BCEJYS</subfield>
    <subfield code="c">17</subfield>
    <subfield code="d">1993-11-01</subfield>
    <subfield code="h">N&#xBA; 912 - nov. 1993</subfield>
    <subfield code="l">0</subfield>
    <subfield code="o">H65 MER 912</subfield>
    <subfield code="p">R02964</subfield>
    <subfield code="r">2026-04-10 16:05:57</subfield>
    <subfield code="w">2026-04-10</subfield>
    <subfield code="y">RN</subfield>
  </datafield>
  <datafield tag="952" ind1=" " ind2=" ">
    <subfield code="0">0</subfield>
    <subfield code="1">0</subfield>
    <subfield code="4">0</subfield>
    <subfield code="7">0</subfield>
    <subfield code="a">BCEJYS</subfield>
    <subfield code="b">BCEJYS</subfield>
    <subfield code="c">17</subfield>
    <subfield code="d">1993-10-01</subfield>
    <subfield code="h">N&#xBA; 911 - oct. 1993</subfield>
    <subfield code="l">0</subfield>
    <subfield code="o">H65 MER 911</subfield>
    <subfield code="p">R02963</subfield>
    <subfield code="r">2026-04-10 16:05:57</subfield>
    <subfield code="w">2026-04-10</subfield>
    <subfield code="y">RN</subfield>
  </datafield>
  <datafield tag="952" ind1=" " ind2=" ">
    <subfield code="0">0</subfield>
    <subfield code="1">0</subfield>
    <subfield code="4">0</subfield>
    <subfield code="7">0</subfield>
    <subfield code="a">BCEJYS</subfield>
    <subfield code="b">BCEJYS</subfield>
    <subfield code="c">17</subfield>
    <subfield code="d">1993-09-01</subfield>
    <subfield code="h">N&#xBA; 910 - sep. 1993</subfield>
    <subfield code="l">0</subfield>
    <subfield code="o">H65 MER 910</subfield>
    <subfield code="p">R02962</subfield>
    <subfield code="r">2026-04-10 16:05:57</subfield>
    <subfield code="w">2026-04-10</subfield>
    <subfield code="y">RN</subfield>
  </datafield>
  <datafield tag="952" ind1=" " ind2=" ">
    <subfield code="0">0</subfield>
    <subfield code="1">0</subfield>
    <subfield code="4">0</subfield>
    <subfield code="7">0</subfield>
    <subfield code="a">BCEJYS</subfield>
    <subfield code="b">BCEJYS</subfield>
    <subfield code="c">17</subfield>
    <subfield code="d">1993-08-01</subfield>
    <subfield code="h">N&#xBA; 909 - ago. 1993</subfield>
    <subfield code="l">0</subfield>
    <subfield code="o">H65 MER 909</subfield>
    <subfield code="p">R02961</subfield>
    <subfield code="r">2026-04-10 16:05:57</subfield>
    <subfield code="w">2026-04-10</subfield>
    <subfield code="y">RN</subfield>
  </datafield>
  <datafield tag="952" ind1=" " ind2=" ">
    <subfield code="0">0</subfield>
    <subfield code="1">0</subfield>
    <subfield code="4">0</subfield>
    <subfield code="7">0</subfield>
    <subfield code="a">BCEJYS</subfield>
    <subfield code="b">BCEJYS</subfield>
    <subfield code="c">17</subfield>
    <subfield code="d">1993-07-01</subfield>
    <subfield code="h">N&#xBA; 908 - jul. 1993</subfield>
    <subfield code="l">0</subfield>
    <subfield code="o">H65 MER 908</subfield>
    <subfield code="p">R02959</subfield>
    <subfield code="r">2026-04-10 16:05:57</subfield>
    <subfield code="w">2026-04-10</subfield>
    <subfield code="y">RN</subfield>
  </datafield>
  <datafield tag="952" ind1=" " ind2=" ">
    <subfield code="0">0</subfield>
    <subfield code="1">0</subfield>
    <subfield code="4">0</subfield>
    <subfield code="7">0</subfield>
    <subfield code="a">BCEJYS</subfield>
    <subfield code="b">BCEJYS</subfield>
    <subfield code="c">17</subfield>
    <subfield code="d">1993-06-01</subfield>
    <subfield code="h">N&#xBA; 907 - jun. 1993</subfield>
    <subfield code="l">0</subfield>
    <subfield code="o">H65 MER 907</subfield>
    <subfield code="p">R02999</subfield>
    <subfield code="r">2026-04-10 16:05:57</subfield>
    <subfield code="w">2026-04-10</subfield>
    <subfield code="y">RN</subfield>
  </datafield>
  <datafield tag="952" ind1=" " ind2=" ">
    <subfield code="0">0</subfield>
    <subfield code="1">0</subfield>
    <subfield code="4">0</subfield>
    <subfield code="7">0</subfield>
    <subfield code="a">BCEJYS</subfield>
    <subfield code="b">BCEJYS</subfield>
    <subfield code="c">17</subfield>
    <subfield code="d">1993-05-01</subfield>
    <subfield code="h">N&#xBA; 906 - may. 1993</subfield>
    <subfield code="l">0</subfield>
    <subfield code="o">H65 MER 906</subfield>
    <subfield code="p">R02998</subfield>
    <subfield code="r">2026-04-10 16:05:57</subfield>
    <subfield code="w">2026-04-10</subfield>
    <subfield code="y">RN</subfield>
  </datafield>
  <datafield tag="952" ind1=" " ind2=" ">
    <subfield code="0">0</subfield>
    <subfield code="1">0</subfield>
    <subfield code="4">0</subfield>
    <subfield code="7">0</subfield>
    <subfield code="a">BCEJYS</subfield>
    <subfield code="b">BCEJYS</subfield>
    <subfield code="c">17</subfield>
    <subfield code="d">1993-04-01</subfield>
    <subfield code="h">N&#xBA; 905 - abr. 1993</subfield>
    <subfield code="l">0</subfield>
    <subfield code="o">H65 MER 905</subfield>
    <subfield code="p">R02997</subfield>
    <subfield code="r">2026-04-10 16:05:57</subfield>
    <subfield code="w">2026-04-10</subfield>
    <subfield code="y">RN</subfield>
  </datafield>
  <datafield tag="952" ind1=" " ind2=" ">
    <subfield code="0">0</subfield>
    <subfield code="1">0</subfield>
    <subfield code="4">0</subfield>
    <subfield code="7">0</subfield>
    <subfield code="a">BCEJYS</subfield>
    <subfield code="b">BCEJYS</subfield>
    <subfield code="c">17</subfield>
    <subfield code="d">1993-03-01</subfield>
    <subfield code="h">N&#xBA; 904 - mar. 1993</subfield>
    <subfield code="l">0</subfield>
    <subfield code="o">H65 MER 904</subfield>
    <subfield code="p">R02996</subfield>
    <subfield code="r">2026-04-10 16:05:57</subfield>
    <subfield code="w">2026-04-10</subfield>
    <subfield code="y">RN</subfield>
  </datafield>
  <datafield tag="952" ind1=" " ind2=" ">
    <subfield code="0">0</subfield>
    <subfield code="1">0</subfield>
    <subfield code="4">0</subfield>
    <subfield code="7">0</subfield>
    <subfield code="a">BCEJYS</subfield>
    <subfield code="b">BCEJYS</subfield>
    <subfield code="c">17</subfield>
    <subfield code="d">1993-01-01</subfield>
    <subfield code="h">N&#xBA; 903 - ene. 1993</subfield>
    <subfield code="l">0</subfield>
    <subfield code="o">H65 MER 903</subfield>
    <subfield code="p">R02995</subfield>
    <subfield code="r">2026-04-10 16:05:57</subfield>
    <subfield code="w">2026-04-10</subfield>
    <subfield code="y">RN</subfield>
  </datafield>
  <datafield tag="952" ind1=" " ind2=" ">
    <subfield code="0">0</subfield>
    <subfield code="1">0</subfield>
    <subfield code="4">0</subfield>
    <subfield code="7">0</subfield>
    <subfield code="a">BCEJYS</subfield>
    <subfield code="b">BCEJYS</subfield>
    <subfield code="c">17</subfield>
    <subfield code="d">1992-12-01</subfield>
    <subfield code="h">N&#xBA; 902 - dic. 1992</subfield>
    <subfield code="l">0</subfield>
    <subfield code="o">H65 MER 902</subfield>
    <subfield code="p">R02984</subfield>
    <subfield code="r">2026-04-10 16:05:57</subfield>
    <subfield code="w">2026-04-10</subfield>
    <subfield code="y">RN</subfield>
  </datafield>
  <datafield tag="952" ind1=" " ind2=" ">
    <subfield code="0">0</subfield>
    <subfield code="1">0</subfield>
    <subfield code="4">0</subfield>
    <subfield code="7">0</subfield>
    <subfield code="a">BCEJYS</subfield>
    <subfield code="b">BCEJYS</subfield>
    <subfield code="c">17</subfield>
    <subfield code="d">1992-11-01</subfield>
    <subfield code="h">N&#xBA; 901 - nov. 1992</subfield>
    <subfield code="l">0</subfield>
    <subfield code="o">H65 MER 901</subfield>
    <subfield code="p">R02983</subfield>
    <subfield code="r">2026-04-10 16:05:57</subfield>
    <subfield code="w">2026-04-10</subfield>
    <subfield code="y">RN</subfield>
  </datafield>
  <datafield tag="952" ind1=" " ind2=" ">
    <subfield code="0">0</subfield>
    <subfield code="1">0</subfield>
    <subfield code="4">0</subfield>
    <subfield code="7">0</subfield>
    <subfield code="a">BCEJYS</subfield>
    <subfield code="b">BCEJYS</subfield>
    <subfield code="c">17</subfield>
    <subfield code="d">1992-10-01</subfield>
    <subfield code="h">N&#xBA; 900 - oct. 1992</subfield>
    <subfield code="l">0</subfield>
    <subfield code="o">H65 MER 900</subfield>
    <subfield code="p">R02982</subfield>
    <subfield code="r">2026-04-10 16:05:57</subfield>
    <subfield code="w">2026-04-10</subfield>
    <subfield code="y">RN</subfield>
  </datafield>
  <datafield tag="952" ind1=" " ind2=" ">
    <subfield code="0">0</subfield>
    <subfield code="1">0</subfield>
    <subfield code="4">0</subfield>
    <subfield code="7">0</subfield>
    <subfield code="a">BCEJYS</subfield>
    <subfield code="b">BCEJYS</subfield>
    <subfield code="c">17</subfield>
    <subfield code="d">1992-09-01</subfield>
    <subfield code="h">N&#xBA; 899 - sep. 1992</subfield>
    <subfield code="l">0</subfield>
    <subfield code="o">H65 MER 899</subfield>
    <subfield code="p">R02968</subfield>
    <subfield code="r">2026-04-10 16:05:57</subfield>
    <subfield code="w">2026-04-10</subfield>
    <subfield code="y">RN</subfield>
  </datafield>
  <datafield tag="952" ind1=" " ind2=" ">
    <subfield code="0">0</subfield>
    <subfield code="1">0</subfield>
    <subfield code="4">0</subfield>
    <subfield code="7">0</subfield>
    <subfield code="a">BCEJYS</subfield>
    <subfield code="b">BCEJYS</subfield>
    <subfield code="c">17</subfield>
    <subfield code="d">1992-08-01</subfield>
    <subfield code="h">N&#xBA; 898 - ago. 1992</subfield>
    <subfield code="l">0</subfield>
    <subfield code="o">H65 MER 898</subfield>
    <subfield code="p">R02967</subfield>
    <subfield code="r">2026-04-10 16:05:57</subfield>
    <subfield code="w">2026-04-10</subfield>
    <subfield code="y">RN</subfield>
  </datafield>
  <datafield tag="952" ind1=" " ind2=" ">
    <subfield code="0">0</subfield>
    <subfield code="1">0</subfield>
    <subfield code="4">0</subfield>
    <subfield code="7">0</subfield>
    <subfield code="a">BCEJYS</subfield>
    <subfield code="b">BCEJYS</subfield>
    <subfield code="c">17</subfield>
    <subfield code="d">1992-06-01</subfield>
    <subfield code="h">N&#xBA; 896 - jun. 1992</subfield>
    <subfield code="l">0</subfield>
    <subfield code="o">H65 MER 896</subfield>
    <subfield code="p">R02985</subfield>
    <subfield code="r">2026-04-10 16:05:57</subfield>
    <subfield code="w">2026-04-10</subfield>
    <subfield code="y">RN</subfield>
  </datafield>
  <datafield tag="952" ind1=" " ind2=" ">
    <subfield code="0">0</subfield>
    <subfield code="1">0</subfield>
    <subfield code="4">0</subfield>
    <subfield code="7">0</subfield>
    <subfield code="a">BCEJYS</subfield>
    <subfield code="b">BCEJYS</subfield>
    <subfield code="c">17</subfield>
    <subfield code="d">1992-05-01</subfield>
    <subfield code="h">N&#xBA; 895 - may. 1992</subfield>
    <subfield code="l">0</subfield>
    <subfield code="o">H65 MER 895</subfield>
    <subfield code="p">R02986</subfield>
    <subfield code="r">2026-04-10 16:05:57</subfield>
    <subfield code="w">2026-04-10</subfield>
    <subfield code="y">RN</subfield>
  </datafield>
  <datafield tag="952" ind1=" " ind2=" ">
    <subfield code="0">0</subfield>
    <subfield code="1">0</subfield>
    <subfield code="4">0</subfield>
    <subfield code="7">0</subfield>
    <subfield code="a">BCEJYS</subfield>
    <subfield code="b">BCEJYS</subfield>
    <subfield code="c">17</subfield>
    <subfield code="d">1992-04-01</subfield>
    <subfield code="h">N&#xBA; 894 - abr. 1992</subfield>
    <subfield code="l">0</subfield>
    <subfield code="o">H65 MER 894</subfield>
    <subfield code="p">R02966</subfield>
    <subfield code="r">2026-04-10 16:05:57</subfield>
    <subfield code="w">2026-04-10</subfield>
    <subfield code="y">RN</subfield>
  </datafield>
  <datafield tag="952" ind1=" " ind2=" ">
    <subfield code="0">0</subfield>
    <subfield code="1">0</subfield>
    <subfield code="4">0</subfield>
    <subfield code="7">0</subfield>
    <subfield code="a">BCEJYS</subfield>
    <subfield code="b">BCEJYS</subfield>
    <subfield code="c">17</subfield>
    <subfield code="d">1992-04-01</subfield>
    <subfield code="h">N&#xBA; 897 - abr. 1992</subfield>
    <subfield code="l">0</subfield>
    <subfield code="o">H65 MER 897</subfield>
    <subfield code="p">R02987</subfield>
    <subfield code="r">2026-04-10 16:05:57</subfield>
    <subfield code="w">2026-04-10</subfield>
    <subfield code="y">RN</subfield>
  </datafield>
  <datafield tag="952" ind1=" " ind2=" ">
    <subfield code="0">0</subfield>
    <subfield code="1">0</subfield>
    <subfield code="4">0</subfield>
    <subfield code="7">0</subfield>
    <subfield code="a">BCEJYS</subfield>
    <subfield code="b">BCEJYS</subfield>
    <subfield code="c">17</subfield>
    <subfield code="d">1992-03-01</subfield>
    <subfield code="h">N&#xBA; 893 - mar. 1992</subfield>
    <subfield code="l">0</subfield>
    <subfield code="o">H65 MER 893</subfield>
    <subfield code="p">R02994</subfield>
    <subfield code="r">2026-04-10 16:05:57</subfield>
    <subfield code="w">2026-04-10</subfield>
    <subfield code="y">RN</subfield>
  </datafield>
  <datafield tag="952" ind1=" " ind2=" ">
    <subfield code="0">0</subfield>
    <subfield code="1">0</subfield>
    <subfield code="4">0</subfield>
    <subfield code="7">0</subfield>
    <subfield code="a">BCEJYS</subfield>
    <subfield code="b">BCEJYS</subfield>
    <subfield code="c">17</subfield>
    <subfield code="d">1992-02-01</subfield>
    <subfield code="h">N&#xBA; 892 - feb. 1992</subfield>
    <subfield code="l">0</subfield>
    <subfield code="o">H65 MER 892</subfield>
    <subfield code="p">R02993</subfield>
    <subfield code="r">2026-04-10 16:05:57</subfield>
    <subfield code="w">2026-04-10</subfield>
    <subfield code="y">RN</subfield>
  </datafield>
  <datafield tag="952" ind1=" " ind2=" ">
    <subfield code="0">0</subfield>
    <subfield code="1">0</subfield>
    <subfield code="4">0</subfield>
    <subfield code="7">0</subfield>
    <subfield code="a">BCEJYS</subfield>
    <subfield code="b">BCEJYS</subfield>
    <subfield code="c">17</subfield>
    <subfield code="d">1992-01-01</subfield>
    <subfield code="h">N&#xBA; 891 - ene. 1992</subfield>
    <subfield code="l">0</subfield>
    <subfield code="o">H65 MER 891</subfield>
    <subfield code="p">R02992</subfield>
    <subfield code="r">2026-04-10 16:05:57</subfield>
    <subfield code="w">2026-04-10</subfield>
    <subfield code="y">RN</subfield>
  </datafield>
  <datafield tag="952" ind1=" " ind2=" ">
    <subfield code="0">0</subfield>
    <subfield code="1">0</subfield>
    <subfield code="4">0</subfield>
    <subfield code="7">0</subfield>
    <subfield code="a">BCEJYS</subfield>
    <subfield code="b">BCEJYS</subfield>
    <subfield code="c">17</subfield>
    <subfield code="d">1991-12-01</subfield>
    <subfield code="h">N&#xBA; 890 - dic. 1991</subfield>
    <subfield code="l">0</subfield>
    <subfield code="o">H65 MER 890</subfield>
    <subfield code="p">R02991</subfield>
    <subfield code="r">2026-04-10 16:05:57</subfield>
    <subfield code="w">2026-04-10</subfield>
    <subfield code="y">RN</subfield>
  </datafield>
  <datafield tag="952" ind1=" " ind2=" ">
    <subfield code="0">0</subfield>
    <subfield code="1">0</subfield>
    <subfield code="4">0</subfield>
    <subfield code="7">0</subfield>
    <subfield code="a">BCEJYS</subfield>
    <subfield code="b">BCEJYS</subfield>
    <subfield code="c">17</subfield>
    <subfield code="d">1991-11-01</subfield>
    <subfield code="h">N&#xBA; 889 - nov. 1991</subfield>
    <subfield code="l">0</subfield>
    <subfield code="o">H65 MER 889</subfield>
    <subfield code="p">R02990</subfield>
    <subfield code="r">2026-04-10 16:05:58</subfield>
    <subfield code="w">2026-04-10</subfield>
    <subfield code="y">RN</subfield>
  </datafield>
  <datafield tag="952" ind1=" " ind2=" ">
    <subfield code="0">0</subfield>
    <subfield code="1">0</subfield>
    <subfield code="4">0</subfield>
    <subfield code="7">0</subfield>
    <subfield code="a">BCEJYS</subfield>
    <subfield code="b">BCEJYS</subfield>
    <subfield code="c">17</subfield>
    <subfield code="d">1991-10-01</subfield>
    <subfield code="h">N&#xBA; 888 - oct. 1991</subfield>
    <subfield code="l">0</subfield>
    <subfield code="o">H65 MER 888</subfield>
    <subfield code="p">R02958</subfield>
    <subfield code="r">2026-04-10 16:05:58</subfield>
    <subfield code="w">2026-04-10</subfield>
    <subfield code="y">RN</subfield>
  </datafield>
  <datafield tag="952" ind1=" " ind2=" ">
    <subfield code="0">0</subfield>
    <subfield code="1">0</subfield>
    <subfield code="4">0</subfield>
    <subfield code="7">0</subfield>
    <subfield code="a">BCEJYS</subfield>
    <subfield code="b">BCEJYS</subfield>
    <subfield code="c">17</subfield>
    <subfield code="d">1991-09-01</subfield>
    <subfield code="h">N&#xBA; 887 - sep. 1991</subfield>
    <subfield code="l">0</subfield>
    <subfield code="o">H65 MER 887</subfield>
    <subfield code="p">R02957</subfield>
    <subfield code="r">2026-04-10 16:05:58</subfield>
    <subfield code="w">2026-04-10</subfield>
    <subfield code="y">RN</subfield>
  </datafield>
  <datafield tag="952" ind1=" " ind2=" ">
    <subfield code="0">0</subfield>
    <subfield code="1">0</subfield>
    <subfield code="4">0</subfield>
    <subfield code="7">0</subfield>
    <subfield code="a">BCEJYS</subfield>
    <subfield code="b">BCEJYS</subfield>
    <subfield code="c">17</subfield>
    <subfield code="d">1991-08-01</subfield>
    <subfield code="h">N&#xBA; 886 - ago. 1991</subfield>
    <subfield code="l">0</subfield>
    <subfield code="o">H65 MER 886</subfield>
    <subfield code="p">R02956</subfield>
    <subfield code="r">2026-04-10 16:05:58</subfield>
    <subfield code="w">2026-04-10</subfield>
    <subfield code="y">RN</subfield>
  </datafield>
  <datafield tag="952" ind1=" " ind2=" ">
    <subfield code="0">0</subfield>
    <subfield code="1">0</subfield>
    <subfield code="4">0</subfield>
    <subfield code="7">0</subfield>
    <subfield code="a">BCEJYS</subfield>
    <subfield code="b">BCEJYS</subfield>
    <subfield code="c">17</subfield>
    <subfield code="d">1991-07-01</subfield>
    <subfield code="h">N&#xBA; 885 - jul. 1991</subfield>
    <subfield code="l">0</subfield>
    <subfield code="o">H65 MER 885</subfield>
    <subfield code="p">R03009</subfield>
    <subfield code="r">2026-04-10 16:05:58</subfield>
    <subfield code="w">2026-04-10</subfield>
    <subfield code="y">RN</subfield>
  </datafield>
  <datafield tag="952" ind1=" " ind2=" ">
    <subfield code="0">0</subfield>
    <subfield code="1">0</subfield>
    <subfield code="4">0</subfield>
    <subfield code="7">0</subfield>
    <subfield code="a">BCEJYS</subfield>
    <subfield code="b">BCEJYS</subfield>
    <subfield code="c">17</subfield>
    <subfield code="d">1991-05-01</subfield>
    <subfield code="h">N&#xBA; 883 - may. 1991</subfield>
    <subfield code="l">0</subfield>
    <subfield code="o">H65 MER 883</subfield>
    <subfield code="p">R03008</subfield>
    <subfield code="r">2026-04-10 16:05:58</subfield>
    <subfield code="w">2026-04-10</subfield>
    <subfield code="y">RN</subfield>
  </datafield>
  <datafield tag="952" ind1=" " ind2=" ">
    <subfield code="0">0</subfield>
    <subfield code="1">0</subfield>
    <subfield code="4">0</subfield>
    <subfield code="7">0</subfield>
    <subfield code="a">BCEJYS</subfield>
    <subfield code="b">BCEJYS</subfield>
    <subfield code="c">17</subfield>
    <subfield code="d">1991-03-01</subfield>
    <subfield code="h">N&#xBA; 881 - mar. 1991</subfield>
    <subfield code="l">0</subfield>
    <subfield code="o">H65 MER 881</subfield>
    <subfield code="p">R03007</subfield>
    <subfield code="r">2026-04-10 16:05:58</subfield>
    <subfield code="w">2026-04-10</subfield>
    <subfield code="y">RN</subfield>
  </datafield>
  <datafield tag="952" ind1=" " ind2=" ">
    <subfield code="0">0</subfield>
    <subfield code="1">0</subfield>
    <subfield code="4">0</subfield>
    <subfield code="7">0</subfield>
    <subfield code="a">BCEJYS</subfield>
    <subfield code="b">BCEJYS</subfield>
    <subfield code="c">17</subfield>
    <subfield code="d">1991-01-01</subfield>
    <subfield code="h">N&#xBA; 880 - ene. 1991</subfield>
    <subfield code="l">0</subfield>
    <subfield code="o">H65 MER 880</subfield>
    <subfield code="p">R03006</subfield>
    <subfield code="r">2026-04-10 16:05:58</subfield>
    <subfield code="w">2026-04-10</subfield>
    <subfield code="y">RN</subfield>
  </datafield>
  <datafield tag="952" ind1=" " ind2=" ">
    <subfield code="0">0</subfield>
    <subfield code="1">0</subfield>
    <subfield code="4">0</subfield>
    <subfield code="7">0</subfield>
    <subfield code="a">BCEJYS</subfield>
    <subfield code="b">BCEJYS</subfield>
    <subfield code="c">17</subfield>
    <subfield code="d">1990-12-01</subfield>
    <subfield code="h">N&#xBA; 879 - dic. 1990</subfield>
    <subfield code="l">0</subfield>
    <subfield code="o">H65 MER 879</subfield>
    <subfield code="p">R03005</subfield>
    <subfield code="r">2026-04-10 16:05:58</subfield>
    <subfield code="w">2026-04-10</subfield>
    <subfield code="y">RN</subfield>
  </datafield>
  <datafield tag="952" ind1=" " ind2=" ">
    <subfield code="0">0</subfield>
    <subfield code="1">0</subfield>
    <subfield code="4">0</subfield>
    <subfield code="7">0</subfield>
    <subfield code="a">BCEJYS</subfield>
    <subfield code="b">BCEJYS</subfield>
    <subfield code="c">17</subfield>
    <subfield code="d">1990-11-01</subfield>
    <subfield code="h">N&#xBA; 878 - nov. 1990</subfield>
    <subfield code="l">0</subfield>
    <subfield code="o">H65 MER 878</subfield>
    <subfield code="p">R03004</subfield>
    <subfield code="r">2026-04-10 16:05:58</subfield>
    <subfield code="w">2026-04-10</subfield>
    <subfield code="y">RN</subfield>
  </datafield>
  <datafield tag="952" ind1=" " ind2=" ">
    <subfield code="0">0</subfield>
    <subfield code="1">0</subfield>
    <subfield code="4">0</subfield>
    <subfield code="7">0</subfield>
    <subfield code="a">BCEJYS</subfield>
    <subfield code="b">BCEJYS</subfield>
    <subfield code="c">17</subfield>
    <subfield code="d">1990-10-01</subfield>
    <subfield code="h">N&#xBA; 877 - oct. 1990</subfield>
    <subfield code="l">0</subfield>
    <subfield code="o">H65 MER 877</subfield>
    <subfield code="p">R03003</subfield>
    <subfield code="r">2026-04-10 16:05:58</subfield>
    <subfield code="w">2026-04-10</subfield>
    <subfield code="y">RN</subfield>
  </datafield>
  <datafield tag="952" ind1=" " ind2=" ">
    <subfield code="0">0</subfield>
    <subfield code="1">0</subfield>
    <subfield code="4">0</subfield>
    <subfield code="7">0</subfield>
    <subfield code="a">BCEJYS</subfield>
    <subfield code="b">BCEJYS</subfield>
    <subfield code="c">17</subfield>
    <subfield code="d">1990-10-01</subfield>
    <subfield code="h">N&#xBA; 876 - oct. 1990</subfield>
    <subfield code="l">0</subfield>
    <subfield code="o">H65 MER 876</subfield>
    <subfield code="p">R03002</subfield>
    <subfield code="r">2026-04-10 16:05:58</subfield>
    <subfield code="w">2026-04-10</subfield>
    <subfield code="y">RN</subfield>
  </datafield>
  <datafield tag="952" ind1=" " ind2=" ">
    <subfield code="0">0</subfield>
    <subfield code="1">0</subfield>
    <subfield code="4">0</subfield>
    <subfield code="7">0</subfield>
    <subfield code="a">BCEJYS</subfield>
    <subfield code="b">BCEJYS</subfield>
    <subfield code="c">17</subfield>
    <subfield code="d">1990-08-01</subfield>
    <subfield code="h">N&#xBA; 875 - ago. 1990</subfield>
    <subfield code="l">0</subfield>
    <subfield code="o">H65 MER 875</subfield>
    <subfield code="p">R03001</subfield>
    <subfield code="r">2026-04-10 16:05:58</subfield>
    <subfield code="w">2026-04-10</subfield>
    <subfield code="y">RN</subfield>
  </datafield>
  <datafield tag="952" ind1=" " ind2=" ">
    <subfield code="0">0</subfield>
    <subfield code="1">0</subfield>
    <subfield code="4">0</subfield>
    <subfield code="7">0</subfield>
    <subfield code="a">BCEJYS</subfield>
    <subfield code="b">BCEJYS</subfield>
    <subfield code="c">17</subfield>
    <subfield code="d">1990-07-01</subfield>
    <subfield code="h">N&#xBA; 874 - jul. 1990</subfield>
    <subfield code="l">0</subfield>
    <subfield code="o">H65 MER 874</subfield>
    <subfield code="p">R03000</subfield>
    <subfield code="r">2026-04-10 16:05:58</subfield>
    <subfield code="w">2026-04-10</subfield>
    <subfield code="y">RN</subfield>
  </datafield>
  <datafield tag="952" ind1=" " ind2=" ">
    <subfield code="0">0</subfield>
    <subfield code="1">0</subfield>
    <subfield code="4">0</subfield>
    <subfield code="7">0</subfield>
    <subfield code="a">BCEJYS</subfield>
    <subfield code="b">BCEJYS</subfield>
    <subfield code="c">17</subfield>
    <subfield code="d">1990-06-01</subfield>
    <subfield code="h">N&#xBA; 873 - jun. 1990</subfield>
    <subfield code="l">0</subfield>
    <subfield code="o">H65 MER 873</subfield>
    <subfield code="p">R03010</subfield>
    <subfield code="r">2026-04-10 16:05:58</subfield>
    <subfield code="w">2026-04-10</subfield>
    <subfield code="y">RN</subfield>
  </datafield>
  <datafield tag="952" ind1=" " ind2=" ">
    <subfield code="0">0</subfield>
    <subfield code="1">0</subfield>
    <subfield code="4">0</subfield>
    <subfield code="7">0</subfield>
    <subfield code="a">BCEJYS</subfield>
    <subfield code="b">BCEJYS</subfield>
    <subfield code="c">17</subfield>
    <subfield code="d">1990-05-01</subfield>
    <subfield code="h">N&#xBA; 872 - may. 1990</subfield>
    <subfield code="l">0</subfield>
    <subfield code="o">H65 MER 872</subfield>
    <subfield code="p">R02969</subfield>
    <subfield code="r">2026-04-10 16:05:58</subfield>
    <subfield code="w">2026-04-10</subfield>
    <subfield code="y">RN</subfield>
  </datafield>
  <datafield tag="952" ind1=" " ind2=" ">
    <subfield code="0">0</subfield>
    <subfield code="1">0</subfield>
    <subfield code="4">0</subfield>
    <subfield code="7">0</subfield>
    <subfield code="a">BCEJYS</subfield>
    <subfield code="b">BCEJYS</subfield>
    <subfield code="c">17</subfield>
    <subfield code="d">1990-04-01</subfield>
    <subfield code="h">N&#xBA; 871 - abr. 1990</subfield>
    <subfield code="l">0</subfield>
    <subfield code="o">H65 MER 871</subfield>
    <subfield code="p">R02971</subfield>
    <subfield code="r">2026-04-10 16:05:58</subfield>
    <subfield code="w">2026-04-10</subfield>
    <subfield code="y">RN</subfield>
  </datafield>
  <datafield tag="952" ind1=" " ind2=" ">
    <subfield code="0">0</subfield>
    <subfield code="1">0</subfield>
    <subfield code="4">0</subfield>
    <subfield code="7">0</subfield>
    <subfield code="a">BCEJYS</subfield>
    <subfield code="b">BCEJYS</subfield>
    <subfield code="c">17</subfield>
    <subfield code="d">1990-03-01</subfield>
    <subfield code="h">N&#xBA; 870 - mar. 1990</subfield>
    <subfield code="l">0</subfield>
    <subfield code="o">H65 MER 870</subfield>
    <subfield code="p">R02972</subfield>
    <subfield code="r">2026-04-10 16:05:58</subfield>
    <subfield code="w">2026-04-10</subfield>
    <subfield code="y">RN</subfield>
  </datafield>
  <datafield tag="952" ind1=" " ind2=" ">
    <subfield code="0">0</subfield>
    <subfield code="1">0</subfield>
    <subfield code="4">0</subfield>
    <subfield code="7">0</subfield>
    <subfield code="a">BCEJYS</subfield>
    <subfield code="b">BCEJYS</subfield>
    <subfield code="c">17</subfield>
    <subfield code="d">1990-01-01</subfield>
    <subfield code="h">N&#xBA; 868 - ene. 1990</subfield>
    <subfield code="l">0</subfield>
    <subfield code="o">H65 MER 868</subfield>
    <subfield code="p">R02973</subfield>
    <subfield code="r">2026-04-10 16:05:58</subfield>
    <subfield code="w">2026-04-10</subfield>
    <subfield code="y">RN</subfield>
  </datafield>
  <datafield tag="952" ind1=" " ind2=" ">
    <subfield code="0">0</subfield>
    <subfield code="1">0</subfield>
    <subfield code="4">0</subfield>
    <subfield code="7">0</subfield>
    <subfield code="a">BCEJYS</subfield>
    <subfield code="b">BCEJYS</subfield>
    <subfield code="c">17</subfield>
    <subfield code="d">1989-12-01</subfield>
    <subfield code="h">N&#xBA; 867 - dic. 1989</subfield>
    <subfield code="l">0</subfield>
    <subfield code="o">H65 MER 867</subfield>
    <subfield code="p">R02960</subfield>
    <subfield code="r">2026-04-10 16:05:58</subfield>
    <subfield code="w">2026-04-10</subfield>
    <subfield code="y">RN</subfield>
  </datafield>
  <datafield tag="952" ind1=" " ind2=" ">
    <subfield code="0">0</subfield>
    <subfield code="1">0</subfield>
    <subfield code="4">0</subfield>
    <subfield code="7">0</subfield>
    <subfield code="a">BCEJYS</subfield>
    <subfield code="b">BCEJYS</subfield>
    <subfield code="c">17</subfield>
    <subfield code="d">1989-10-01</subfield>
    <subfield code="h">N&#xBA; 865 - oct. 1989</subfield>
    <subfield code="l">0</subfield>
    <subfield code="o">H65 MER 865</subfield>
    <subfield code="p">R02981</subfield>
    <subfield code="r">2026-04-10 16:05:58</subfield>
    <subfield code="w">2026-04-10</subfield>
    <subfield code="y">RN</subfield>
  </datafield>
  <datafield tag="952" ind1=" " ind2=" ">
    <subfield code="0">0</subfield>
    <subfield code="1">0</subfield>
    <subfield code="4">0</subfield>
    <subfield code="7">0</subfield>
    <subfield code="a">BCEJYS</subfield>
    <subfield code="b">BCEJYS</subfield>
    <subfield code="c">17</subfield>
    <subfield code="d">1989-08-01</subfield>
    <subfield code="h">N&#xBA; 863 - ago. 1989</subfield>
    <subfield code="l">0</subfield>
    <subfield code="o">H65 MER 863</subfield>
    <subfield code="p">R02980</subfield>
    <subfield code="r">2026-04-10 16:05:58</subfield>
    <subfield code="w">2026-04-10</subfield>
    <subfield code="y">RN</subfield>
  </datafield>
  <datafield tag="952" ind1=" " ind2=" ">
    <subfield code="0">0</subfield>
    <subfield code="1">0</subfield>
    <subfield code="4">0</subfield>
    <subfield code="7">0</subfield>
    <subfield code="a">BCEJYS</subfield>
    <subfield code="b">BCEJYS</subfield>
    <subfield code="c">17</subfield>
    <subfield code="d">1989-05-01</subfield>
    <subfield code="h">N&#xBA; 860 - may. 1989</subfield>
    <subfield code="l">0</subfield>
    <subfield code="o">H65 MER 860</subfield>
    <subfield code="p">R02979</subfield>
    <subfield code="r">2026-04-10 16:05:58</subfield>
    <subfield code="w">2026-04-10</subfield>
    <subfield code="y">RN</subfield>
  </datafield>
  <datafield tag="952" ind1=" " ind2=" ">
    <subfield code="0">0</subfield>
    <subfield code="1">0</subfield>
    <subfield code="4">0</subfield>
    <subfield code="7">0</subfield>
    <subfield code="a">BCEJYS</subfield>
    <subfield code="b">BCEJYS</subfield>
    <subfield code="c">17</subfield>
    <subfield code="d">1989-04-01</subfield>
    <subfield code="h">N&#xBA; 859 - abr. 1989</subfield>
    <subfield code="l">0</subfield>
    <subfield code="o">H65 MER 859</subfield>
    <subfield code="p">R02978</subfield>
    <subfield code="r">2026-04-10 16:05:58</subfield>
    <subfield code="w">2026-04-10</subfield>
    <subfield code="y">RN</subfield>
  </datafield>
  <datafield tag="952" ind1=" " ind2=" ">
    <subfield code="0">0</subfield>
    <subfield code="1">0</subfield>
    <subfield code="4">0</subfield>
    <subfield code="7">0</subfield>
    <subfield code="a">BCEJYS</subfield>
    <subfield code="b">BCEJYS</subfield>
    <subfield code="c">17</subfield>
    <subfield code="d">1989-01-01</subfield>
    <subfield code="h">N&#xBA; 856 - ene. 1989</subfield>
    <subfield code="l">0</subfield>
    <subfield code="o">H65 MER 856</subfield>
    <subfield code="p">R02970</subfield>
    <subfield code="r">2026-04-10 16:05:58</subfield>
    <subfield code="w">2026-04-10</subfield>
    <subfield code="y">RN</subfield>
  </datafield>
  <datafield tag="952" ind1=" " ind2=" ">
    <subfield code="0">0</subfield>
    <subfield code="1">0</subfield>
    <subfield code="4">0</subfield>
    <subfield code="7">0</subfield>
    <subfield code="a">BCEJYS</subfield>
    <subfield code="b">BCEJYS</subfield>
    <subfield code="c">17</subfield>
    <subfield code="d">1988-12-01</subfield>
    <subfield code="h">N&#xBA; 855 - dic. 1988</subfield>
    <subfield code="l">0</subfield>
    <subfield code="o">H65 MER 855</subfield>
    <subfield code="p">R03059</subfield>
    <subfield code="r">2026-04-10 16:05:58</subfield>
    <subfield code="w">2026-04-10</subfield>
    <subfield code="y">RN</subfield>
  </datafield>
  <datafield tag="952" ind1=" " ind2=" ">
    <subfield code="0">0</subfield>
    <subfield code="1">0</subfield>
    <subfield code="4">0</subfield>
    <subfield code="7">0</subfield>
    <subfield code="a">BCEJYS</subfield>
    <subfield code="b">BCEJYS</subfield>
    <subfield code="c">17</subfield>
    <subfield code="d">1988-11-01</subfield>
    <subfield code="h">N&#xBA; 854 - nov. 1988</subfield>
    <subfield code="l">0</subfield>
    <subfield code="o">H65 MER 854</subfield>
    <subfield code="p">R03060</subfield>
    <subfield code="r">2026-04-10 16:05:58</subfield>
    <subfield code="w">2026-04-10</subfield>
    <subfield code="y">RN</subfield>
  </datafield>
  <datafield tag="952" ind1=" " ind2=" ">
    <subfield code="0">0</subfield>
    <subfield code="1">0</subfield>
    <subfield code="4">0</subfield>
    <subfield code="7">0</subfield>
    <subfield code="a">BCEJYS</subfield>
    <subfield code="b">BCEJYS</subfield>
    <subfield code="c">17</subfield>
    <subfield code="d">1988-09-01</subfield>
    <subfield code="h">N&#xBA; 852 - sep. 1988</subfield>
    <subfield code="l">0</subfield>
    <subfield code="o">H65 APE 852</subfield>
    <subfield code="p">R03061</subfield>
    <subfield code="r">2026-04-10 16:05:58</subfield>
    <subfield code="w">2026-04-10</subfield>
    <subfield code="y">RN</subfield>
  </datafield>
  <datafield tag="952" ind1=" " ind2=" ">
    <subfield code="0">0</subfield>
    <subfield code="1">0</subfield>
    <subfield code="4">0</subfield>
    <subfield code="7">0</subfield>
    <subfield code="a">BCEJYS</subfield>
    <subfield code="b">BCEJYS</subfield>
    <subfield code="c">17</subfield>
    <subfield code="d">1988-08-01</subfield>
    <subfield code="h">N&#xBA; 851 - ago. 1988</subfield>
    <subfield code="l">0</subfield>
    <subfield code="o">H65 MER 851</subfield>
    <subfield code="p">R02989</subfield>
    <subfield code="r">2026-04-10 16:05:58</subfield>
    <subfield code="w">2026-04-10</subfield>
    <subfield code="y">RN</subfield>
  </datafield>
  <datafield tag="952" ind1=" " ind2=" ">
    <subfield code="0">0</subfield>
    <subfield code="1">0</subfield>
    <subfield code="4">0</subfield>
    <subfield code="7">0</subfield>
    <subfield code="a">BCEJYS</subfield>
    <subfield code="b">BCEJYS</subfield>
    <subfield code="c">17</subfield>
    <subfield code="d">1988-05-01</subfield>
    <subfield code="h">N&#xBA; 848 - may. 1988</subfield>
    <subfield code="l">0</subfield>
    <subfield code="o">H65 MER 848</subfield>
    <subfield code="p">R02988</subfield>
    <subfield code="r">2026-04-10 16:05:58</subfield>
    <subfield code="w">2026-04-10</subfield>
    <subfield code="y">RN</subfield>
  </datafield>
  <datafield tag="952" ind1=" " ind2=" ">
    <subfield code="0">0</subfield>
    <subfield code="1">0</subfield>
    <subfield code="4">0</subfield>
    <subfield code="7">0</subfield>
    <subfield code="a">BCEJYS</subfield>
    <subfield code="b">BCEJYS</subfield>
    <subfield code="c">17</subfield>
    <subfield code="d">1988-04-01</subfield>
    <subfield code="h">N&#xBA; 847 - abr. 1988</subfield>
    <subfield code="l">0</subfield>
    <subfield code="o">H65 MER 847</subfield>
    <subfield code="p">R03062</subfield>
    <subfield code="r">2026-04-10 16:05:58</subfield>
    <subfield code="w">2026-04-10</subfield>
    <subfield code="y">RN</subfield>
  </datafield>
  <datafield tag="952" ind1=" " ind2=" ">
    <subfield code="0">0</subfield>
    <subfield code="1">0</subfield>
    <subfield code="4">0</subfield>
    <subfield code="7">0</subfield>
    <subfield code="a">BCEJYS</subfield>
    <subfield code="b">BCEJYS</subfield>
    <subfield code="c">17</subfield>
    <subfield code="d">1988-03-01</subfield>
    <subfield code="h">N&#xBA; 846 - mar. 1988</subfield>
    <subfield code="l">0</subfield>
    <subfield code="o">H65 MER 846</subfield>
    <subfield code="p">R03063</subfield>
    <subfield code="r">2026-04-10 16:05:58</subfield>
    <subfield code="w">2026-04-10</subfield>
    <subfield code="y">RN</subfield>
  </datafield>
  <datafield tag="952" ind1=" " ind2=" ">
    <subfield code="0">0</subfield>
    <subfield code="1">0</subfield>
    <subfield code="4">0</subfield>
    <subfield code="7">0</subfield>
    <subfield code="a">BCEJYS</subfield>
    <subfield code="b">BCEJYS</subfield>
    <subfield code="c">17</subfield>
    <subfield code="d">1988-02-01</subfield>
    <subfield code="h">N&#xBA; 845 - feb. 1988</subfield>
    <subfield code="l">0</subfield>
    <subfield code="o">H65 MER 845</subfield>
    <subfield code="p">R03064</subfield>
    <subfield code="r">2026-04-10 16:05:58</subfield>
    <subfield code="w">2026-04-10</subfield>
    <subfield code="y">RN</subfield>
  </datafield>
  <datafield tag="952" ind1=" " ind2=" ">
    <subfield code="0">0</subfield>
    <subfield code="1">0</subfield>
    <subfield code="4">0</subfield>
    <subfield code="7">0</subfield>
    <subfield code="a">BCEJYS</subfield>
    <subfield code="b">BCEJYS</subfield>
    <subfield code="c">17</subfield>
    <subfield code="d">1988-01-01</subfield>
    <subfield code="h">N&#xBA; 844 - ene. 1988</subfield>
    <subfield code="l">0</subfield>
    <subfield code="o">H65 MER 844</subfield>
    <subfield code="p">R03065</subfield>
    <subfield code="r">2026-04-10 16:05:58</subfield>
    <subfield code="w">2026-04-10</subfield>
    <subfield code="y">RN</subfield>
  </datafield>
  <datafield tag="952" ind1=" " ind2=" ">
    <subfield code="0">0</subfield>
    <subfield code="1">0</subfield>
    <subfield code="4">0</subfield>
    <subfield code="7">0</subfield>
    <subfield code="a">BCEJYS</subfield>
    <subfield code="b">BCEJYS</subfield>
    <subfield code="c">17</subfield>
    <subfield code="d">1987-12-01</subfield>
    <subfield code="h">N&#xBA; 843 - dic. 1987</subfield>
    <subfield code="l">0</subfield>
    <subfield code="o">H65 MER 843</subfield>
    <subfield code="p">R03517</subfield>
    <subfield code="r">2026-04-10 16:05:58</subfield>
    <subfield code="w">2026-04-10</subfield>
    <subfield code="y">RN</subfield>
  </datafield>
  <datafield tag="952" ind1=" " ind2=" ">
    <subfield code="0">0</subfield>
    <subfield code="1">0</subfield>
    <subfield code="4">0</subfield>
    <subfield code="7">0</subfield>
    <subfield code="a">BCEJYS</subfield>
    <subfield code="b">BCEJYS</subfield>
    <subfield code="c">17</subfield>
    <subfield code="d">1987-11-01</subfield>
    <subfield code="h">N&#xBA; 842 - nov. 1987</subfield>
    <subfield code="l">0</subfield>
    <subfield code="o">H65 MER 842</subfield>
    <subfield code="p">R03516</subfield>
    <subfield code="r">2026-04-10 16:05:58</subfield>
    <subfield code="w">2026-04-10</subfield>
    <subfield code="y">RN</subfield>
  </datafield>
  <datafield tag="952" ind1=" " ind2=" ">
    <subfield code="0">0</subfield>
    <subfield code="1">0</subfield>
    <subfield code="4">0</subfield>
    <subfield code="7">0</subfield>
    <subfield code="a">BCEJYS</subfield>
    <subfield code="b">BCEJYS</subfield>
    <subfield code="c">17</subfield>
    <subfield code="d">1987-10-29</subfield>
    <subfield code="h">N&#xBA; 841 - oct. 1987</subfield>
    <subfield code="l">0</subfield>
    <subfield code="o">H65 MER 841</subfield>
    <subfield code="p">R12023</subfield>
    <subfield code="r">2026-04-10 16:05:58</subfield>
    <subfield code="w">2026-04-10</subfield>
    <subfield code="y">RN</subfield>
  </datafield>
  <datafield tag="952" ind1=" " ind2=" ">
    <subfield code="0">0</subfield>
    <subfield code="1">0</subfield>
    <subfield code="4">0</subfield>
    <subfield code="7">0</subfield>
    <subfield code="a">BCEJYS</subfield>
    <subfield code="b">BCEJYS</subfield>
    <subfield code="c">17</subfield>
    <subfield code="d">1987-09-01</subfield>
    <subfield code="h">N&#xBA; 840 - sep. 1987</subfield>
    <subfield code="l">0</subfield>
    <subfield code="o">H65 MER 840</subfield>
    <subfield code="p">R03515</subfield>
    <subfield code="r">2026-04-10 16:05:58</subfield>
    <subfield code="w">2026-04-10</subfield>
    <subfield code="y">RN</subfield>
  </datafield>
  <datafield tag="952" ind1=" " ind2=" ">
    <subfield code="0">0</subfield>
    <subfield code="1">0</subfield>
    <subfield code="4">0</subfield>
    <subfield code="7">0</subfield>
    <subfield code="a">BCEJYS</subfield>
    <subfield code="b">BCEJYS</subfield>
    <subfield code="c">17</subfield>
    <subfield code="d">1987-08-27</subfield>
    <subfield code="h">N&#xBA; 839 - ago. 1987</subfield>
    <subfield code="l">0</subfield>
    <subfield code="o">H65 MER 839</subfield>
    <subfield code="p">R12022</subfield>
    <subfield code="r">2026-04-10 16:05:58</subfield>
    <subfield code="w">2026-04-10</subfield>
    <subfield code="y">RN</subfield>
  </datafield>
  <datafield tag="952" ind1=" " ind2=" ">
    <subfield code="0">0</subfield>
    <subfield code="1">0</subfield>
    <subfield code="4">0</subfield>
    <subfield code="7">0</subfield>
    <subfield code="a">BCEJYS</subfield>
    <subfield code="b">BCEJYS</subfield>
    <subfield code="c">17</subfield>
    <subfield code="d">1987-07-30</subfield>
    <subfield code="h">N&#xBA; 838 - jul. 1987</subfield>
    <subfield code="l">0</subfield>
    <subfield code="o">H65 MER 838</subfield>
    <subfield code="p">R12021</subfield>
    <subfield code="r">2026-04-10 16:05:58</subfield>
    <subfield code="w">2026-04-10</subfield>
    <subfield code="y">RN</subfield>
  </datafield>
  <datafield tag="952" ind1=" " ind2=" ">
    <subfield code="0">0</subfield>
    <subfield code="1">0</subfield>
    <subfield code="4">0</subfield>
    <subfield code="7">0</subfield>
    <subfield code="a">BCEJYS</subfield>
    <subfield code="b">BCEJYS</subfield>
    <subfield code="c">17</subfield>
    <subfield code="d">1987-06-25</subfield>
    <subfield code="h">N&#xBA; 837 - jun. 1987</subfield>
    <subfield code="l">0</subfield>
    <subfield code="o">H65 MER 837</subfield>
    <subfield code="p">R12015</subfield>
    <subfield code="r">2026-04-10 16:05:58</subfield>
    <subfield code="w">2026-04-10</subfield>
    <subfield code="y">RN</subfield>
  </datafield>
  <datafield tag="952" ind1=" " ind2=" ">
    <subfield code="0">0</subfield>
    <subfield code="1">0</subfield>
    <subfield code="4">0</subfield>
    <subfield code="7">0</subfield>
    <subfield code="a">BCEJYS</subfield>
    <subfield code="b">BCEJYS</subfield>
    <subfield code="c">17</subfield>
    <subfield code="d">1987-05-28</subfield>
    <subfield code="h">N&#xBA; 836 - mayo 1987</subfield>
    <subfield code="l">0</subfield>
    <subfield code="o">H65 MER 836</subfield>
    <subfield code="p">R12014</subfield>
    <subfield code="r">2026-04-10 16:05:58</subfield>
    <subfield code="w">2026-04-10</subfield>
    <subfield code="y">RN</subfield>
  </datafield>
  <datafield tag="952" ind1=" " ind2=" ">
    <subfield code="0">0</subfield>
    <subfield code="1">0</subfield>
    <subfield code="4">0</subfield>
    <subfield code="7">0</subfield>
    <subfield code="a">BCEJYS</subfield>
    <subfield code="b">BCEJYS</subfield>
    <subfield code="c">17</subfield>
    <subfield code="d">1987-04-30</subfield>
    <subfield code="h">N&#xBA; 835 - abr. 1987</subfield>
    <subfield code="l">0</subfield>
    <subfield code="o">H65 MER 835</subfield>
    <subfield code="p">R12013</subfield>
    <subfield code="r">2026-04-10 16:05:58</subfield>
    <subfield code="w">2026-04-10</subfield>
    <subfield code="y">RN</subfield>
  </datafield>
  <datafield tag="952" ind1=" " ind2=" ">
    <subfield code="0">0</subfield>
    <subfield code="1">0</subfield>
    <subfield code="4">0</subfield>
    <subfield code="7">0</subfield>
    <subfield code="a">BCEJYS</subfield>
    <subfield code="b">BCEJYS</subfield>
    <subfield code="c">17</subfield>
    <subfield code="d">1987-03-19</subfield>
    <subfield code="h">N&#xBA; 834 - mar. 1987</subfield>
    <subfield code="l">0</subfield>
    <subfield code="o">H65 MER 834</subfield>
    <subfield code="p">R12012</subfield>
    <subfield code="r">2026-04-10 16:05:58</subfield>
    <subfield code="w">2026-04-10</subfield>
    <subfield code="y">RN</subfield>
  </datafield>
  <datafield tag="952" ind1=" " ind2=" ">
    <subfield code="0">0</subfield>
    <subfield code="1">0</subfield>
    <subfield code="4">0</subfield>
    <subfield code="7">0</subfield>
    <subfield code="a">BCEJYS</subfield>
    <subfield code="b">BCEJYS</subfield>
    <subfield code="c">17</subfield>
    <subfield code="d">1987-01-01</subfield>
    <subfield code="h">N&#xBA; 833 - ene. 1987</subfield>
    <subfield code="l">0</subfield>
    <subfield code="o">H65 MER 833</subfield>
    <subfield code="p">R03066</subfield>
    <subfield code="r">2026-04-10 16:05:58</subfield>
    <subfield code="w">2026-04-10</subfield>
    <subfield code="y">RN</subfield>
  </datafield>
  <datafield tag="952" ind1=" " ind2=" ">
    <subfield code="0">0</subfield>
    <subfield code="1">0</subfield>
    <subfield code="4">0</subfield>
    <subfield code="7">0</subfield>
    <subfield code="a">BCEJYS</subfield>
    <subfield code="b">BCEJYS</subfield>
    <subfield code="c">17</subfield>
    <subfield code="d">1986-12-01</subfield>
    <subfield code="h">N&#xBA; 832 - dic. 1986</subfield>
    <subfield code="l">0</subfield>
    <subfield code="o">H65 MER 832</subfield>
    <subfield code="p">R03514</subfield>
    <subfield code="r">2026-04-10 16:05:58</subfield>
    <subfield code="w">2026-04-10</subfield>
    <subfield code="y">RN</subfield>
  </datafield>
  <datafield tag="952" ind1=" " ind2=" ">
    <subfield code="0">0</subfield>
    <subfield code="1">0</subfield>
    <subfield code="4">0</subfield>
    <subfield code="7">0</subfield>
    <subfield code="a">BCEJYS</subfield>
    <subfield code="b">BCEJYS</subfield>
    <subfield code="c">17</subfield>
    <subfield code="d">1986-11-01</subfield>
    <subfield code="h">N&#xBA; 831 - nov. 1986</subfield>
    <subfield code="l">0</subfield>
    <subfield code="o">H65 MER 831</subfield>
    <subfield code="p">R03513</subfield>
    <subfield code="r">2026-04-10 16:05:58</subfield>
    <subfield code="w">2026-04-10</subfield>
    <subfield code="y">RN</subfield>
  </datafield>
  <datafield tag="952" ind1=" " ind2=" ">
    <subfield code="0">0</subfield>
    <subfield code="1">0</subfield>
    <subfield code="4">0</subfield>
    <subfield code="7">0</subfield>
    <subfield code="a">BCEJYS</subfield>
    <subfield code="b">BCEJYS</subfield>
    <subfield code="c">17</subfield>
    <subfield code="d">1986-10-01</subfield>
    <subfield code="h">N&#xBA; 830 - oct. 1986</subfield>
    <subfield code="l">0</subfield>
    <subfield code="o">H65 MER 830</subfield>
    <subfield code="p">R03512</subfield>
    <subfield code="r">2026-04-10 16:05:58</subfield>
    <subfield code="w">2026-04-10</subfield>
    <subfield code="y">RN</subfield>
  </datafield>
  <datafield tag="952" ind1=" " ind2=" ">
    <subfield code="0">0</subfield>
    <subfield code="1">0</subfield>
    <subfield code="4">0</subfield>
    <subfield code="7">0</subfield>
    <subfield code="a">BCEJYS</subfield>
    <subfield code="b">BCEJYS</subfield>
    <subfield code="c">17</subfield>
    <subfield code="d">1986-09-01</subfield>
    <subfield code="h">N&#xBA; 829 - sep. 1986</subfield>
    <subfield code="l">0</subfield>
    <subfield code="o">H65 MER 829</subfield>
    <subfield code="p">R03511</subfield>
    <subfield code="r">2026-04-10 16:05:58</subfield>
    <subfield code="w">2026-04-10</subfield>
    <subfield code="y">RN</subfield>
  </datafield>
  <datafield tag="952" ind1=" " ind2=" ">
    <subfield code="0">0</subfield>
    <subfield code="1">0</subfield>
    <subfield code="4">0</subfield>
    <subfield code="7">0</subfield>
    <subfield code="a">BCEJYS</subfield>
    <subfield code="b">BCEJYS</subfield>
    <subfield code="c">17</subfield>
    <subfield code="d">1986-08-01</subfield>
    <subfield code="h">N&#xBA; 828 - ago. 1986</subfield>
    <subfield code="l">0</subfield>
    <subfield code="o">H65 MER 828</subfield>
    <subfield code="p">R03510</subfield>
    <subfield code="r">2026-04-10 16:05:58</subfield>
    <subfield code="w">2026-04-10</subfield>
    <subfield code="y">RN</subfield>
  </datafield>
  <datafield tag="952" ind1=" " ind2=" ">
    <subfield code="0">0</subfield>
    <subfield code="1">0</subfield>
    <subfield code="4">0</subfield>
    <subfield code="7">0</subfield>
    <subfield code="a">BCEJYS</subfield>
    <subfield code="b">BCEJYS</subfield>
    <subfield code="c">17</subfield>
    <subfield code="d">1986-07-31</subfield>
    <subfield code="h">N&#xBA; 827 - jul. 1986</subfield>
    <subfield code="l">0</subfield>
    <subfield code="o">H65 MER 827</subfield>
    <subfield code="p">R12020</subfield>
    <subfield code="r">2026-04-10 16:05:58</subfield>
    <subfield code="w">2026-04-10</subfield>
    <subfield code="y">RN</subfield>
  </datafield>
  <datafield tag="952" ind1=" " ind2=" ">
    <subfield code="0">0</subfield>
    <subfield code="1">0</subfield>
    <subfield code="4">0</subfield>
    <subfield code="7">0</subfield>
    <subfield code="a">BCEJYS</subfield>
    <subfield code="b">BCEJYS</subfield>
    <subfield code="c">17</subfield>
    <subfield code="d">1986-06-01</subfield>
    <subfield code="h">N&#xBA; 826 - jun. 1986</subfield>
    <subfield code="l">0</subfield>
    <subfield code="o">H65 MER 826</subfield>
    <subfield code="p">R03150</subfield>
    <subfield code="r">2026-04-10 16:05:58</subfield>
    <subfield code="w">2026-04-10</subfield>
    <subfield code="y">RN</subfield>
  </datafield>
  <datafield tag="952" ind1=" " ind2=" ">
    <subfield code="0">0</subfield>
    <subfield code="1">0</subfield>
    <subfield code="4">0</subfield>
    <subfield code="7">0</subfield>
    <subfield code="a">BCEJYS</subfield>
    <subfield code="b">BCEJYS</subfield>
    <subfield code="c">17</subfield>
    <subfield code="d">1986-04-01</subfield>
    <subfield code="h">N&#xBA; 823 - abr. 1986</subfield>
    <subfield code="l">0</subfield>
    <subfield code="o">H65 MER 823</subfield>
    <subfield code="p">R03151</subfield>
    <subfield code="r">2026-04-10 16:05:58</subfield>
    <subfield code="w">2026-04-10</subfield>
    <subfield code="y">RN</subfield>
  </datafield>
  <datafield tag="952" ind1=" " ind2=" ">
    <subfield code="0">0</subfield>
    <subfield code="1">0</subfield>
    <subfield code="4">0</subfield>
    <subfield code="7">0</subfield>
    <subfield code="a">BCEJYS</subfield>
    <subfield code="b">BCEJYS</subfield>
    <subfield code="c">17</subfield>
    <subfield code="d">1986-03-01</subfield>
    <subfield code="h">N&#xBA; 822 - mar. 1986</subfield>
    <subfield code="l">0</subfield>
    <subfield code="o">H65 MER 822</subfield>
    <subfield code="p">R03152</subfield>
    <subfield code="r">2026-04-10 16:05:58</subfield>
    <subfield code="w">2026-04-10</subfield>
    <subfield code="y">RN</subfield>
  </datafield>
  <datafield tag="952" ind1=" " ind2=" ">
    <subfield code="0">0</subfield>
    <subfield code="1">0</subfield>
    <subfield code="4">0</subfield>
    <subfield code="7">0</subfield>
    <subfield code="a">BCEJYS</subfield>
    <subfield code="b">BCEJYS</subfield>
    <subfield code="c">17</subfield>
    <subfield code="d">1985-12-01</subfield>
    <subfield code="h">N&#xBA; 819 - dic. 1985</subfield>
    <subfield code="l">0</subfield>
    <subfield code="o">H65 MER 819</subfield>
    <subfield code="p">R03153</subfield>
    <subfield code="r">2026-04-10 16:05:58</subfield>
    <subfield code="w">2026-04-10</subfield>
    <subfield code="y">RN</subfield>
  </datafield>
  <datafield tag="952" ind1=" " ind2=" ">
    <subfield code="0">0</subfield>
    <subfield code="1">0</subfield>
    <subfield code="4">0</subfield>
    <subfield code="7">0</subfield>
    <subfield code="a">BCEJYS</subfield>
    <subfield code="b">BCEJYS</subfield>
    <subfield code="c">17</subfield>
    <subfield code="d">1985-11-01</subfield>
    <subfield code="h">N&#xBA; 818 - nov. 1985</subfield>
    <subfield code="l">0</subfield>
    <subfield code="o">H65 MER 818</subfield>
    <subfield code="p">R03154</subfield>
    <subfield code="r">2026-04-10 16:05:58</subfield>
    <subfield code="w">2026-04-10</subfield>
    <subfield code="y">RN</subfield>
  </datafield>
  <datafield tag="952" ind1=" " ind2=" ">
    <subfield code="0">0</subfield>
    <subfield code="1">0</subfield>
    <subfield code="4">0</subfield>
    <subfield code="7">0</subfield>
    <subfield code="a">BCEJYS</subfield>
    <subfield code="b">BCEJYS</subfield>
    <subfield code="c">17</subfield>
    <subfield code="d">1985-09-01</subfield>
    <subfield code="h">N&#xBA; 816 - sep. 1985</subfield>
    <subfield code="l">0</subfield>
    <subfield code="o">H65 MER 816</subfield>
    <subfield code="p">R03157</subfield>
    <subfield code="r">2026-04-10 16:05:58</subfield>
    <subfield code="w">2026-04-10</subfield>
    <subfield code="y">RN</subfield>
  </datafield>
  <datafield tag="952" ind1=" " ind2=" ">
    <subfield code="0">0</subfield>
    <subfield code="1">0</subfield>
    <subfield code="4">0</subfield>
    <subfield code="7">0</subfield>
    <subfield code="a">BCEJYS</subfield>
    <subfield code="b">BCEJYS</subfield>
    <subfield code="c">17</subfield>
    <subfield code="d">1984-12-01</subfield>
    <subfield code="h">N&#xBA; 790 - dic. 1984</subfield>
    <subfield code="l">0</subfield>
    <subfield code="o">H65 MER 790</subfield>
    <subfield code="p">R03508</subfield>
    <subfield code="r">2026-04-10 16:05:58</subfield>
    <subfield code="w">2026-04-10</subfield>
    <subfield code="y">RN</subfield>
  </datafield>
  <datafield tag="952" ind1=" " ind2=" ">
    <subfield code="0">0</subfield>
    <subfield code="1">0</subfield>
    <subfield code="4">0</subfield>
    <subfield code="7">0</subfield>
    <subfield code="a">BCEJYS</subfield>
    <subfield code="b">BCEJYS</subfield>
    <subfield code="c">17</subfield>
    <subfield code="d">1984-08-23</subfield>
    <subfield code="h">N&#xBA; 773 - ago. 1984</subfield>
    <subfield code="l">0</subfield>
    <subfield code="o">H65 MER 773</subfield>
    <subfield code="p">R12019</subfield>
    <subfield code="r">2026-04-10 16:05:58</subfield>
    <subfield code="w">2026-04-10</subfield>
    <subfield code="y">RN</subfield>
  </datafield>
  <datafield tag="952" ind1=" " ind2=" ">
    <subfield code="0">0</subfield>
    <subfield code="1">0</subfield>
    <subfield code="4">0</subfield>
    <subfield code="7">0</subfield>
    <subfield code="a">BCEJYS</subfield>
    <subfield code="b">BCEJYS</subfield>
    <subfield code="c">17</subfield>
    <subfield code="d">1984-05-17</subfield>
    <subfield code="h">N&#xBA; 759 - mayo 1984</subfield>
    <subfield code="l">0</subfield>
    <subfield code="o">H65 MER 759</subfield>
    <subfield code="p">R12018</subfield>
    <subfield code="r">2026-04-10 16:05:58</subfield>
    <subfield code="w">2026-04-10</subfield>
    <subfield code="y">RN</subfield>
  </datafield>
  <datafield tag="952" ind1=" " ind2=" ">
    <subfield code="0">0</subfield>
    <subfield code="1">0</subfield>
    <subfield code="4">0</subfield>
    <subfield code="7">0</subfield>
    <subfield code="a">BCEJYS</subfield>
    <subfield code="b">BCEJYS</subfield>
    <subfield code="c">17</subfield>
    <subfield code="d">1983-12-22</subfield>
    <subfield code="h">N&#xBA; 739 - dic. 1983</subfield>
    <subfield code="l">0</subfield>
    <subfield code="o">H65 MER 739</subfield>
    <subfield code="p">R12017</subfield>
    <subfield code="r">2026-04-10 16:05:58</subfield>
    <subfield code="w">2026-04-10</subfield>
    <subfield code="y">RN</subfield>
  </datafield>
  <datafield tag="952" ind1=" " ind2=" ">
    <subfield code="0">0</subfield>
    <subfield code="1">0</subfield>
    <subfield code="4">0</subfield>
    <subfield code="7">0</subfield>
    <subfield code="a">BCEJYS</subfield>
    <subfield code="b">BCEJYS</subfield>
    <subfield code="c">17</subfield>
    <subfield code="d">1982-12-01</subfield>
    <subfield code="h">N&#xBA; 687 - dic. 1982</subfield>
    <subfield code="l">0</subfield>
    <subfield code="o">H65 MER 687</subfield>
    <subfield code="p">R03509</subfield>
    <subfield code="r">2026-04-10 16:05:58</subfield>
    <subfield code="w">2026-04-10</subfield>
    <subfield code="y">RN</subfield>
  </datafield>
  <datafield tag="952" ind1=" " ind2=" ">
    <subfield code="0">0</subfield>
    <subfield code="1">0</subfield>
    <subfield code="4">0</subfield>
    <subfield code="7">0</subfield>
    <subfield code="a">BCEJYS</subfield>
    <subfield code="b">BCEJYS</subfield>
    <subfield code="c">17</subfield>
    <subfield code="d">1982-04-29</subfield>
    <subfield code="h">N&#xBA; 654 - abr. 1982</subfield>
    <subfield code="l">0</subfield>
    <subfield code="o">H65 MER 654</subfield>
    <subfield code="p">R12016</subfield>
    <subfield code="r">2026-04-10 16:05:58</subfield>
    <subfield code="w">2026-04-10</subfield>
    <subfield code="y">RN</subfield>
  </datafield>
  <datafield tag="952" ind1=" " ind2=" ">
    <subfield code="0">0</subfield>
    <subfield code="1">0</subfield>
    <subfield code="4">0</subfield>
    <subfield code="7">0</subfield>
    <subfield code="a">BCEJYS</subfield>
    <subfield code="b">BCEJYS</subfield>
    <subfield code="c">17</subfield>
    <subfield code="d">1976-05-01</subfield>
    <subfield code="h">N&#xBA; 349 - may. 1976</subfield>
    <subfield code="l">0</subfield>
    <subfield code="o">H65 MER 349</subfield>
    <subfield code="p">R03155</subfield>
    <subfield code="r">2026-04-10 16:05:58</subfield>
    <subfield code="w">2026-04-10</subfield>
    <subfield code="y">RN</subfield>
  </datafield>
  <datafield tag="952" ind1=" " ind2=" ">
    <subfield code="0">0</subfield>
    <subfield code="1">0</subfield>
    <subfield code="4">0</subfield>
    <subfield code="7">0</subfield>
    <subfield code="a">BCEJYS</subfield>
    <subfield code="b">BCEJYS</subfield>
    <subfield code="c">17</subfield>
    <subfield code="d">1975-08-01</subfield>
    <subfield code="h">N&#xBA; 314 - ago. 1975</subfield>
    <subfield code="l">0</subfield>
    <subfield code="o">H65 MER 314</subfield>
    <subfield code="p">R03156</subfield>
    <subfield code="r">2026-04-10 16:05:58</subfield>
    <subfield code="w">2026-04-10</subfield>
    <subfield code="y">RN</subfield>
  </datafield>
</record>
